All 100k+ Cities in Asia on a Map - Statistics

General Stats
  • This quiz has been taken 2,118 times
    2,087 since last reset
  • The average score is 153 of 3157
Answers on the Map
Answers color-coded by a green-red scale on the quiz's map according to % correct below.
 
Answer Stats
Country Pop City % Correct
Turkey 15.11M Istanbul
74%
Japan 9.56M Tokyo
74%
China 18.43M Beijing
70%
India 12.4M Mumbai
70%
India 258K New Delhi
70%
China 20.85M Shanghai
70%
Turkey 5.04M Ankara
69%
India 11.0M Delhi
69%
Philippines 23.40M Manila
69%
Indonesia 9.61M Jakarta
68%
Turkey 108K Muș
68%
Saudi Arabia 5.19M Riyadh
67%
Iran 8.69M Tehran
67%
Thailand 5.67M Bangkok
66%
United Arab Emirates 3.14M Dubai
66%
South Korea 10.01M Seoul
65%
United Arab Emirates 1.81M Abu Dhabi
64%
Iraq 6.72M Baghdad
64%
Vietnam 2.41M Hanoi
64%
Afghanistan 4.27M Kabul
64%
Japan 2.73M Osaka
64%
Vietnam 5.88M Ho Chi Minh City
63%
China 993K Hong Kong Island
63%
Palestine 298K East Jerusalem
62%
China 172K Gu'an
62%
Israel 919K Jerusalem
62%
Pakistan 14.92M Karachi
62%
Taiwan 2.65M Taipei
62%
Azerbaijan 1.23M Baku
61%
China 10.64M Guangzhou
61%
Pakistan 1.01M Islamabad
61%
Saudi Arabia 1.53M Mecca
61%
Mongolia 1.37M Ulaanbaatar
61%
Sri Lanka 561K Colombo
60%
Syria 1.41M Damascus
60%
Bangladesh 11.09M Dhaka
60%
Malaysia 1.31M Kuala Lumpur
60%
Kazakhstan 1.14M Nur-Sultan
60%
Yemen 2.43M Sana'a
60%
Qatar 587K Doha
59%
Qatar 365K Doha Industrial Area
59%
India 4.50M Kolkata
59%
North Korea 2.58M Pyongyang
59%
Israel 452K Tel-Aviv
59%
Jordan 1.81M Amman
57%
Kuwait 407K Kuwait City
57%
India 4.65M Chennai
56%
Saudi Arabia 3.43M Jeddah
56%
Philippines 275K Naga
56%
China 7.54M Wuhan
56%
Armenia 1.08M Yerevan
56%
Lebanon 1.65M Beirut
55%
Japan 1.20M Hiroshima
55%
Pakistan 11.13M Lahore
55%
Maldives 127K Malè
55%
Uzbekistan 2.35M Tashkent
55%
Georgia 1.14M Tbilisi
55%
China 5.40M Xi'an
55%
India 8.50M Bangalore
54%
Turkey 2.96M Izmir
54%
South Korea 3.46M Busan
53%
India 6.99M Hyderabad
53%
Pakistan 1.73M Hyderabad
53%
Nepal 1.00M Kathmandu
53%
Saudi Arabia 1.10M Medina
53%
Japan 1.47M Kyōto
52%
Japan 1.97M Sapporo
52%
Turkmenistan 605K Ashgabat
51%
Kyrgyzstan 1.04M Bishkek
51%
China 7.92M Chongqing
51%
Japan 416K Nagasaki
51%
Cambodia 1.24M Phnom Penh
51%
Syria 2.13M Aleppo
50%
China 8.90M Chengdu
50%
China 9.58M Tianjin
50%
China 332K Ya'an
50%
Myanmar 4.73M Yangon
50%
Kazakhstan 1.92M Almaty
49%
India 160K Banda
49%
Japan 2.32M Nagoya
49%
China 2.85M Urumqi
49%
Bahrain 143K Manama
48%
India 5.63M Ahmedabad
47%
Tajikistan 846K Dushanbe
47%
Palestine 673K Gaza
47%
China 10.36M Shenzhen
47%
Turkey 1.24M Antalya
45%
Brunei 203K Bandar Seri Begawan
45%
China 504K Macau
45%
China 3.66M Xiamen
45%
Indonesia 789K Denpasar
44%
China 4.60M Harbin
44%
China 5.83M Nanjing
44%
China 182K Nanjing
44%
Laos 620K Vientiane
44%
East Timor 245K Dili
43%
India 3.12M Pune
43%
India 3.05M Jaipur
42%
Bangladesh 3.67M Chittagong
41%
Myanmar 334K Naypyidaw
41%
Indonesia 2.77M Surabaya
41%
Bhutan 115K Thimphu
41%
Japan 1.58M Fukuoka
40%
Japan 3.74M Yokohama
40%
Philippines 2.48M Cebu
39%
China 202K Da'an
39%
India 1.59M Agra
38%
Turkey 1.97M Bursa
38%
China 5.85M Hangzhou
38%
Iran 1.96M Isfahan
38%
India 4.50M Surat
38%
Yemen 507K Aden
37%
China 367K Dali
37%
China 146K Dali
37%
Israel 284K Haifa
37%
Japan 1.53M Kōbe
37%
India 2.82M Lucknow
37%
Iraq 1.36M Mosul
37%
Indonesia 2.39M Bandung
36%
China 220K Lhasa
36%
China 4.56M Qingdao
36%
Sri Lanka 108K Sri Jayawardenepura Kotte
36%
China 4.02M Changsha
35%
China 745K Changsha
35%
China 3.90M Dalian
35%
South Korea 3.03M Incheon
35%
Myanmar 1.23M Mandalay
35%
Turkey 1.74M Adana
34%
Saudi Arabia 903K Dammam
34%
China 134K De'an
34%
China 3.53M Fuzhou
34%
China 483K Fuzhou
34%
China 3.36M Kunming
34%
Indonesia 2.10M Medan
34%
China 5.72M Shenyang
34%
South Korea 2.47M Daegu
33%
Vietnam 771K Da Nang
33%
Philippines 1.44M Davao
32%
Pakistan 3.20M Faisalabad
32%
South Korea 506K Jeju
32%
India 2.41M Nagpur
32%
China 3.10M Hefei
31%
Turkey 1.30M Konya
31%
Japan 1.09M Sendai
31%
Iran 1.57M Shiraz
31%
Iran 1.56M Tabriz
31%
Turkey 1.67M Gaziantep
30%
China 2.66M Nanning
30%
Iraq 879K Erbil
29%
Iran 1.20M Qom
29%
Turkey 434K Batman
28%
Malaysia 181K George Town
28%
Afghanistan 507K Kandahār
28%
Indonesia 1.33M Makassar
28%
Iran 3.00M Masshad
28%
India 1.68M Patna
28%
Japan 289K Fukushima
27%
India 1.99M Indore
27%
China 3.64M Shantou
27%
China 2.69M Wenzhou
27%
China 3.64M Jinan
26%
India 2.77M Kanpur
26%
India 634K Kochi
26%
Japan 331K Kōchi
26%
Japan 318K Naha
26%
China 2.58M Ningbo
26%
Pakistan 2.10M Rawalpindi
26%
Turkey 497K Van
26%
Indonesia 171K Batu
25%
Malaysia 174K Batu
25%
India 1.80M Bhopal
25%
Thailand 127K Chiang Mai
25%
China 1.78M Haikou
25%
Syria 653K Homs
25%
Lebanon 450K Tripoli
25%
Syria 313K Hama
24%
Afghanistan 556K Herāt
24%
Taiwan 2.77M Kaohsiung
24%
China 2.44M Lanzhou
24%
Taiwan 4.02M New Taipei
24%
Pakistan 1.97M Peshawar
24%
China 4.08M Suzhou
24%
China 743K Suzhou
24%
Turkey 286K Trabzon
24%
China 3.41M Changchun
23%
Pakistan 1.00M Quetta
23%
United Arab Emirates 1.4M Sharjah
23%
Indonesia 499K Surakarta
23%
India 1.20M Varanasi
23%
Georgia 166K Batumi
22%
Turkey 618K Samsun
22%
Taiwan 2.82M Taichung
22%
Indonesia 389K Yogyakarta
22%
South Korea 1.49M Daejeon
21%
Turkey 173K Edirne
21%
India 1.06M Jodhpur
21%
India 1.00M Kota
21%
Cyprus 101K Limassol
21%
Japan 141K Okinawa
21%
Kyrgyzstan 283K Osh
21%
Indonesia 1.44M Palembang
21%
China 3.38M Taiyuan
21%
Yemen 597K Taiz
21%
India 1.16M Amritsar
20%
India 1.05M Coimbatore
20%
South Korea 1.48M Gwangju
20%
South Korea 386K Gwangju
20%
China 134K Huainan
20%
Japan 1.52M Kawasaki
20%
Japan 721K Okayama
20%
Taiwan 1.88M Tainan
20%
China 2.76M Wuxi
20%
China 141K Wuxi
20%
Philippines 1.33M Angeles
19%
Japan 977K Chiba
19%
China 7.27M Dongguan
19%
China 1.47M Jilin
19%
Malaysia 643K Johor Bahru
19%
Turkey 956K Kayseri
19%
Pakistan 1.87M Multan
19%
Japan 1.30M Saitama
19%
Indonesia 1.52M Semarang
19%
India 1.17M Allahabad
18%
Jordan 148K Aqaba
18%
Iraq 1.34M Basrah
18%
Vietnam 770K Haiphong
18%
Iraq 972K Kirkuk
18%
Iraq 389K Kut
18%
China 2.61M Nanchang
18%
China 429K Nanchang
18%
Japan 801K Niigata
18%
China 3.10M Shijiazhuang
18%
Cambodia 169K Siem Reap
18%
Iran 1.18M Ahvaz
17%
Indonesia 918K Batam
17%
Turkey 1.04M Diyarbakir
17%
China 1.50M Hohhot
17%
Afghanistan 263K Jalālābād
17%
Kyrgyzstan 111K Jalal-Abad
17%
India 1.02M Madurai
17%
Turkey 996K Mersin
17%
Japan 355K Nara
17%
South Korea 1.17M Ulsan
17%
China 2.26M Zibo
17%
China 1.50M Anshan
16%
Israel 209K Beersheba
16%
India 970K Chandigarh
16%
China 6.77M Foshan
16%
Japan 246K Fuji
16%
Iran 538K Kermān
16%
Japan 946K Kitakyushu
16%
India 921K Mysore
16%
Thailand 120K Pattaya
16%
China 186K Pu'er
16%
Kazakhstan 1.04M Shymkent
16%
India 1.21M Srinagar
16%
Japan 279K Aomori
15%
Iran 527K Bandar Abbas
15%
Azerbaijan 328K Ganja
15%
China 2.52M Guiyang
15%
China 381K Guiyang
15%
Pakistan 2.03M Gujranwala
15%
Vietnam 303K Hue
15%
Japan 597K Kagoshima
15%
Japan 372K Nagano
15%
India 1.32M Rajkot
15%
India 1.75M Vadodara
15%
India 1.73M Visakhapatnam
15%
China 2.21M Xuzhou
15%
China 282K Xuzhou
15%
Turkey 348K Antakya
14%
Turkey 411K Erzurum
14%
China 1.81M Huizhou
14%
India 576K Jammu
14%
Syria 384K Latakia
14%
India 1.62M Ludhiana
14%
Turkmenistan 123K Mary
14%
India 244K Puducherry
14%
Oman 155K Șalālah
14%
Lebanon 125K Tyre
14%
China 1.78M Yantai
14%
Japan 308K Akita
13%
Kazakhstan 501K Aktobe
13%
China 1.90M Baotou
13%
Uzbekistan 273K Bukhara
13%
Japan 794K Hamamatsu
13%
Turkey 335K Izmit
13%
Indonesia 234K Jayapura
13%
China 328K Ji'an
13%
China 166K Ji'an
13%
Bangladesh 1.05M Khulna
13%
Malaysia 422K Kuching
13%
China 1.89M Luoyang
13%
India 1.03M Raipur
13%
Japan 234K Saga
13%
China 1.19M Taizhou
13%
China 677K Taizhou
13%
China 1.15M Xining
13%
China 258K Xinning
13%
China 4.46M Zhangzhou
13%
China 722K Zhangzhou
13%
India 102K Aurangabad, Bihar
12%
India 1.18M Aurangabad, Maharashtra
12%
Indonesia 223K Banda Aceh
12%
Turkey 766K Eskişehir
12%
China 964K Guilin
12%
Iran 947K Kermānshāh
12%
Japan 740K Kumamoto
12%
China 1.52M Linyi
12%
China 265K Linyi
12%
China 211K Linyi
12%
China 131K Mang
12%
India 1.31M Meerut
12%
China 1.61M Nantong
12%
India 1.49M Nashik
12%
Palestine 225K Rafah
12%
India 1.07M Ranchi
12%
Japan 695K Shizuoka
12%
China 2.13M Tangshan
12%
Turkey 175K Tekirdag
12%
Japan 426K Toyota
12%
China 1.26M Weifang
12%
United Arab Emirates 767K Al Ain
11%
India 885K Bhubaneswar
11%
Vietnam 732K Can Tho
11%
China 2.26M Changzhou
11%
North Korea 704K Hamhung
11%
Palestine 216K Hebron
11%
China 1.52M Huai'an
11%
Pakistan 175K Hub
11%
Georgia 138K Kutaisi
11%
China 1.08M Luzhou
11%
Indonesia 820K Malang
11%
Iraq 747K Najaf
11%
Japan 478K Ōita
11%
China 1.03M Qiqihar
11%
India 829K Salem
11%
Uzbekistan 509K Samarqand
11%
Turkey 353K Sivas
11%
Turkmenistan 203K Türkmenabat
11%
Philippines 695K Zamboanga
11%
United Arab Emirates 238K Ajman
10%
Turkey 174K Alanya
10%
China 1.07M Anyang
10%
China 372K Anyang
10%
South Korea 574K Anyang
10%
South Korea 333K Asan
10%
Israel 225K Ashdod
10%
Indonesia 527K Balikpapan
10%
Indonesia 873K Bandar Lampung
10%
China 272K Baodi
10%
China 1.26M Baoding
10%
Indonesia 2.33M Bekasi
10%
Turkey 110K Bodrum
10%
Turkey 289K Çorlu
10%
China 1.63M Datong
10%
China 144K Datong
10%
Iraq 251K Fallujah
10%
India 1.05M Gwalior
10%
Japan 256K Hakodate
10%
Malaysia 537K Ipoh
10%
India 1.08M Jabalpur
10%
India 677K Jamshedpur
10%
India 550K Kozhikode
10%
Turkey 475K Malatya
10%
China 1.03M Maoming
10%
Japan 399K Miyazaki
10%
India 1.12M Navi Mumbai
10%
Uzbekistan 295K Nukus
10%
India 108K Port Blair
10%
Turkey 115K Rize
10%
Turkey 577K Sanliurfa
10%
China 573K Sanya
10%
Lebanon 250K Sidon
10%
Bangladesh 526K Sylhet
10%
India 1.84M Thane
10%
India 451K Udaipur
10%
China 1.11M Wuhu
10%
China 112K Wuhu
10%
China 1.58M Yangzhou
10%
China 1.37M Zhuhai
10%
Kazakhstan 189K Aktau
9%
India 564K Asansol
9%
Israel 141K Ashkelon
9%
India 905K Bareilly
9%
Turkey 137K Çanakkale
9%
China 1.43M Daqing
9%
India 1.16M Dhanbad
9%
China 1.04M Ganzhou
9%
Philippines 474K General Santos
9%
Japan 403K Gifu
9%
India 962K Guwahati
9%
Japan 118K Handa
9%
Jordan 503K Irbid
9%
China 939K Jining
9%
China 1.09M Kaifeng
9%
Kazakhstan 498K Karaganda
9%
Iran 1.59M Karaj
9%
Iraq 712K Karbala
9%
Malaysia 307K Kota Kinabalu
9%
China 1.62M Liuzhou
9%
China 661K Lu'an
9%
India 499K Mangalore
9%
Afghanistan 469K Mazar-i-Sharif
9%
China 1.14M Nanchong
9%
Indonesia 882K Pekanbaru
9%
Nepal 265K Pokhara
9%
Indonesia 555K Pontianak
9%
Philippines 192K Puerto Princesa
9%
China 1.33M Quanzhou
9%
China 143K Quanzhou
9%
China 507K Tanghe
9%
India 1.14M Vijayawada
9%
China 425K Wuzhou
9%
Iran 530K Yazd
9%
China 1.27M Yinchuan
9%
India 874K Aligarh
8%
Iran 529K Ardabīl
8%
Japan 332K Asahikawa
8%
Iran 127K Bam
8%
Indonesia 123K Banjar
8%
China 1.12M Changde
8%
China 1.06M Cixi
8%
India 610K Cuttack
8%
Indonesia 1.74M Depok
8%
Turkey 378K Elâzığ
8%
India 1.41M Faridabad
8%
India 1.65M Ghaziabad
8%
Saudi Arabia 311K Ha'il
8%
Japan 115K Hōfu
8%
China 748K Huzhou
8%
Turkey 243K Isparta
8%
Turkey 122K Mardin
8%
China 1.21M Nanyang
8%
Israel 217K Netanya
8%
Vietnam 293K Nha Trang
8%
Indonesia 800K Padang
8%
Kazakhstan 344K Pavlodar
8%
Iran 680K Rasht
8%
Iraq 145K Sāmarrā
8%
India 952K Solapur
8%
Iraq 677K Sulaymaniyah
8%
China 1.12M Tai'an
8%
China 101K Tai'an
8%
Saudi Arabia 580K Taif
8%
Indonesia 1.80M Tangerang
8%
China 362K Taoyuan
8%
Taiwan 2.25M Taoyuan
8%
Iraq 109K Tikrīt
8%
India 847K Tiruchirappalli
8%
Japan 190K Tottori
8%
Japan 417K Toyama
8%
Japan 358K Wakayama
8%
China 1.10M Wanzhou
8%
China 699K Weihai
8%
Pakistan 208K Abbottabad
7%
Indonesia 306K Ambon
7%
Turkey 249K Aydin
7%
Turkey 306K Balikesir
7%
Indonesia 613K Banjarmasin
7%
Indonesia 950K Bogor
7%
Philippines 716K Cagayan de Oro
7%
North Korea 615K Chongjin
7%
Bangladesh 224K Cox's Bazar
7%
India 119K Darjeeling
7%
India 575K Dehradun
7%
Japan 264K Fukui
7%
Japan 463K Fukuyama
7%
India 4740K Gaya
7%
Armenia 112K Gyumri
7%
Iran 554K Hamadān
7%
China 1.29M Hengyang
7%
China 453K Hengyang
7%
India 944K Hubli-Dharwad
7%
Turkey 187K Iskenderun
7%
Indonesia 516K Jambi
7%
China 946K Jinzhou
7%
China 160K Jinzhou
7%
Japan 466K Kanazawa
7%
Turkey 166K Karaman
7%
Palestine 267K Khān Yūnis
7%
Kazakhstan 280K Kyzylorda
7%
Indonesia 395K Manado
7%
Turkey 373K Manisa
7%
Japan 511K Matsuyama
7%
India 888K Moradabad
7%
Palestine 165K Nablus
7%
Saudi Arabia 298K Najran
7%
Kazakhstan 309K Oral
7%
Turkey 172K Ordu
7%
Kazakhstan 219K Petropavl
7%
China 1.35M Putian
7%
Japan 831K Sakai
7%
Iran 310K Sārī
7%
Indonesia 428K Serang
7%
Azerbaijan 298K Sumqayit
7%
South Korea 1.24M Suwon
7%
Japan 257K Tokushima
7%
India 788K Trivandrum
7%
Iran 736K Urmia
7%
China 363K Xiangyin
7%
Japan 251K Yamagata
7%
Iran 589K Zāhedān
7%
China 1.04M Zhanjiang
7%
China 2.74M Zhongshan
7%
China 113K Zhongshan
7%
Iran 231K Ābādān
6%
Saudi Arabia 236K Abha
6%
India 542K Ajmer
6%
Turkey 231K Aksaray
6%
China 285K Aksu
6%
Iran 521K Arāk
6%
Saudi Arabia 167K Ar'ar
6%
China 872K Baoji
6%
China 794K Bengbu
6%
India 644K Bikaner
6%
Turkey 178K Bolu
6%
Indonesia 296K Cirebon
6%
Turkey 267K Çorum
6%
China 776K Dandong
6%
Turkey 132K Erzincan
6%
China 781K Fuyang
6%
Turkey 708K Gebze
6%
Iran 351K Gorgān
6%
China 1.17M Handan
6%
Japan 531K Himeji
6%
Saudi Arabia 661K Hofuf
6%
Philippines 551K Iloilo
6%
India 277K Imphal
6%
Turkey 124K Kastamonu
6%
Malaysia 627K Klang
6%
Japan 204K Matsue
6%
Malaysia 169K Miri
6%
Japan 294K Morioka
6%
Uzbekistan 476K Namangan
6%
Iraq 558K Nasiriyah
6%
India 548K Nellore
6%
Turkey 237K Osmaniye
6%
Indonesia 310K Palu
6%
Iran 403K Qazvīn
6%
China 968K Qinhuangdao
6%
Bangladesh 764K Rajshahi
6%
Bangladesh 329K Rangpur
6%
Indonesia 686K Samarinda
6%
Oman 285K Seeb
6%
Kazakhstan 328K Semey
6%
Pakistan 656K Sialkot
6%
Malaysia 167K Sibu
6%
India 513K Siliguri
6%
Turkey 268K Tarsus
6%
Japan 277K Tsu
6%
Turkey 223K Uşak
6%
Vietnam 216K Vinh
6%
North Korea 328K Wonsan
6%
China 142K Xinxian
6%
Japan 196K Yamaguchi
6%
China 1.14M Yancheng
6%
China 1.05M Yichang
6%
China 548K Yulin
6%
China 429K Yulin
6%
Jordan 635K Zarqa
6%
Turkey 105K Zonguldak
6%
China 995K Zunyi
6%
China 113K Altay
5%
Iraq 528K Amarah
5%
India 647K Amravati
5%
Philippines 617K Bacolod
5%
Philippines 460K Baguio
5%
Cambodia 141K Battambang
5%
China 1.00M Benxi
5%
China 159K Benxi
5%
Japan 119K Beppu
5%
Iran 224K Būshehr
5%
South Korea 1.06M Changwon
5%
China 1.26M Chaozhou
5%
China 484K Chengde
5%
China 101K Chengde
5%
China 491K Dazhou
5%
Syria 212K Deir ez-Zor
5%
India 269K Durg
5%
Turkey 118K Giresun
5%
Indonesia 174K Gorontalo
5%
Pakistan 391K Gujrat
5%
India 670K Guntur
5%
India 887K Gurgaon
5%
Thailand 157K Hat Yai
5%
China 855K Huaibei
5%
Taiwan 103K Hualien
5%
Japan 283K Ibaraki
5%
Yemen 226K Ibb
5%
India 869K Jalandhar
5%
South Korea 663K Jeonju
5%
China 1.48M Jiangmen
5%
China 1.01M Jiangyin
5%
China 904K Jingzhou
5%
China 125K Jingzhou
5%
Japan 172K Kamakura
5%
Taiwan 369K Keelung
5%
Tajikistan 182K Khujand
5%
Turkey 191K Kirikkale
5%
Kazakhstan 248K Kostanay
5%
Malaysia 289K Kuantan
5%
Afghanistan 183K Kunduz
5%
Indonesia 316K Kupang
5%
Turkey 253K Kütahya
5%
China 897K Lianyungang
5%
Turkey 119K Lüleburgaz
5%
Japan 241K Matsumoto
5%
Japan 270K Mito
5%
Bangladesh 390K Mymensingh
5%
North Korea 311K Nampo
5%
Japan 133K Narita
5%
Turkey 148K Nigde
5%
India 637K Noida
5%
China 510K Ordos
5%
Japan 222K Ōta
5%
China 155K Pingding
5%
China 996K Pingdingshan
5%
South Korea 513K Pohang
5%
China 916K Qingyuan
5%
China 114K Qingyuan
5%
Iraq 224K Ramadi
5%
China 902K Rizhao
5%
Japan 723K Sagamihara
5%
Japan 112K Sanda
5%
Japan 250K Sasebo
5%
South Korea 346K Sejong
5%
India 170K Shimla
5%
Turkey 182K Silivri
5%
Indonesia 1.29M South Tangerang
5%
Japan 420K Takamatsu
5%
Kazakhstan 358K Taraz
5%
India 444K Tiruppur
5%
Turkey 154K Tokat
5%
Uzbekistan 137K Urgench
5%
Japan 520K Utsunomiya
5%
India 705K Warangal
5%
China 1.43M Xiangyang
5%
China 669K Xingtai
5%
China 180K Xingtai
5%
China 1.08M Xinxiang
5%
China 193K Xinxiang
5%
China 893K Xinyang
5%
Turkey 129K Yalova
5%
Saudi Arabia 233K Yanbu
5%
China 879K Yiwu
5%
China 951K Zhenjiang
5%
Turkey 526K Adapazari
4%
Turkey 261K Adiyaman
4%
Turkey 240K Afyonkarahisar
4%
Turkey 119K Agri
4%
Yemen 548K Al Hudaydah
4%
Turkey 115K Amasya
4%
Iran 238K Āmol
4%
China 223K Anda
4%
Uzbekistan 404K Andijan
4%
China 571K Anqing
4%
Myanmar 254K Bago
4%
Turkmenistan 108K Balkanabat
4%
Indonesia 296K Bengkulu
4%
India 606K Bhavnagar
4%
Vietnam 653K Bien Hoa
4%
Turkey 124K Bingöl
4%
Malaysia 104K Bintulu
4%
China 474K Bozhou
4%
China 499K Cangzhou
4%
Turkey 125K Çerkezköy
4%
China 654K Chenzhou
4%
Iran 265K Dezfūl
4%
China 526K Dezhou
4%
Saudi Arabia 121K Dhahran
4%
India 567K Durgapur
4%
India 157K Erode
4%
China 609K Ezhou
4%
Turkey 103K Fethiye
4%
Japan 636K Funabashi
4%
China 314K Fushun
4%
India 100K Gangtok
4%
India 673K Gorakhpur
4%
South Korea 1.08M Goyang
4%
Japan 225K Hachinohe
4%
Japan 577K Hachiōji
4%
China 560K Heze
4%
Israel 194K Holon
4%
Taiwan 449K Hsinchu
4%
South Korea 223K Icheon
4%
Iran 114K Īrānshahr
4%
Japan 342K Iwaki
4%
China 143K Jinhu
4%
China 711K Jinhua
4%
China 747K Jixi
4%
Saudi Arabia 128K Jizan
4%
North Korea 193K Kaesong
4%
Turkey 121K Karabük
4%
Japan 354K Kawagoe
4%
Japan 589K Kawaguchi
4%
India 549K Kolhapur
4%
India 367K Kollam
4%
Malaysia 252K Kota Bharu
4%
China 2.02M Kowloon
4%
Japan 304K Kurume
4%
Japan 169K Kushiro
4%
China 709K Linfen
4%
China 658K Ma'anshan
4%
Japan 334K Maebashi
4%
Indonesia 403K Mataram
4%
Malaysia 151K Melaka
4%
Yemen 144K Mukalla
4%
China 221K Nanzhou
4%
Turkey 115K Nevșehir
4%
Thailand 254K Nonthaburi
4%
Japan 389K Okazaki
4%
Kazakhstan 333K Óskemen
4%
Japan 116K Otaru
4%
Japan 341K Ōtsu
4%
India 446K Patiala
4%
Israel 244K Petah Tikva
4%
China 604K Puyang
4%
China 404K Puyang
4%
China 489K Qinzhou
4%
China 423K Quzhou
4%
China 113K Quzhou
4%
Israel 252K Rishon LeZion
4%
Georgia 128K Rustavi
4%
India 705K Saharanpur
4%
Saudi Arabia 150K Sakaka
4%
Iran 413K Sanandaj
4%
Malaysia 277K Sandakan
4%
Philippines 156K San Fernando
4%
Philippines 176K San Jose
4%
South Korea 960K Seongnam
4%
China 299K Shangrao
4%
China 194K Shangrao
4%
China 208K Shenzhou
4%
India 143K Shillong
4%
Japan 260K Shimonoseki
4%
Turkey 156K Siirt
4%
Oman 130K Sohar
4%
Indonesia 118K Sorong
4%
Pakistan 500K Sukkur
4%
Philippines 288K Tacloban
4%
Japan 370K Takasaki
4%
Malaysia 214K Tawau
4%
Indonesia 158K Ternate
4%
India 316K Thrissur
4%
India 474K Tirunelveli
4%
Kazakhstan 172K Turkestan
4%
Thailand 131K Udon Thani
4%
India 515K Ujjain
4%
India 186K Vellore
4%
Japan 267K Yao
4%
China 668K Yibin
4%
Japan 398K Yokosuka
4%
China 1.12M Yueyang
4%
China 377K Yueyang
4%
China 595K Yuzhou
4%
Iran 135K Zābol
4%
Iran 431K Zanjān
4%
China 981K Zaozhuang
4%
India 400K Agartala
3%
India 293K Aizawl
3%
Japan 298K Akashi
3%
India 426K Akola
3%
Malaysia 186K Alor Setar
3%
Japan 451K Amagasaki
3%
South Korea 707K Ansan
3%
China 189K Anzhou
3%
Iran 250K Bābol
3%
Turkey 137K Bandirma
3%
Bangladesh 339K Barisal
3%
Philippines 390K Batangas
3%
China 144K Bayan
3%
China 463K Beihai
3%
India 253K Bharatpur
3%
Nepal 148K Bharatpur
3%
Iran 204K Bīrjand
3%
South Korea 856K Bucheon
3%
Saudi Arabia 467K Buraidah
3%
Turkey 115K Ceyhan
3%
China 929K Changshu
3%
China 870K Changzhi
3%
South Korea 854K Cheongju
3%
Taiwan 268K Chiayi
3%
China 392K Chuzhou
3%
Indonesia 360K Cilegon
3%
Turkey 126K Cizre
3%
Bangladesh 408K Comilla
3%
China 536K Danzhou
3%
Yemen 160K Dhamar
3%
Turkey 181K Düzce
3%
Iran 448K Eslāmshahr
3%
Uzbekistan 265K Far'gona
3%
India 604K Firozabad
3%
China 215K Fujin
3%
Japan 431K Fujisawa
3%
China 750K Fuxin
3%
China 117K Fuxin
3%
India 293K Gandhinagar
3%
India 121K Ghazipur
3%
Turkey 159K Gölcük
3%
India 181K Guna
3%
China 147K Heihe
3%
Japan 496K Higashiōsaka
3%
Iraq 456K Hillah
3%
Japan 172K Hirosaki
3%
India 117K Hosur
3%
China 646K Huludao
3%
China 327K Hulunbuir
3%
Japan 493K Ichikawa
3%
Japan 380K Ichinomiya
3%
Iran 194K Īlām
3%
Turkey 221K İnegöl
3%
Japan 125K Ise
3%
Japan 185K Izumi
3%
Japan 173K Izumo
3%
Kuwait 452K Jahra
3%
India 601K Jamnagar
3%
India 506K Jhansi
3%
China 632K Jiamusi
3%
China 822K Jiaozuo
3%
China 763K Jiaxing
3%
China 1.23M Jieyang
3%
China 704K Jiujiang
3%
Japan 192K Jōetsu
3%
Philippines 126K Jolo
3%
Saudi Arabia 338K Jubail
3%
Turkey 111K Kapakli
3%
Iran 304K Kāshān
3%
Japan 424K Kashiwa
3%
Indonesia 265K Kendari
3%
Saudi Arabia 431K Khamis Mushait
3%
Thailand 114K Khon Kaen
3%
India 190K Khora
3%
Iran 199K Khoy
3%
Turkey 104K Kilis
3%
Turkey 144K Kirșehir
3%
Japan 118K Kitami
3%
Japan 190K Kōfu
3%
Japan 107K Komatsu
3%
Japan 333K Kōriyama
3%
Japan 476K Kurashiki
3%
Japan 221K Kure
3%
India 133K Lalitpur
3%
Nepal 227K Lalitpur
3%
China 531K Langfang
3%
Pakistan 491K Larkana
3%
China 106K Le'an
3%
Philippines 279K Legazpi
3%
China 781K Leshan
3%
China 448K Linzhou
3%
Japan 434K Machida
3%
Iran 168K Mahābād
3%
India 350K Mathura
3%
China 613K Meizhou
3%
Indonesia 143K Metro
3%
South Korea 233K Mokpo
3%
Malaysia 103K Muar
3%
China 791K Mudanjiang
3%
Japan 270K Nagaoka
3%
India 225K Nagercoil
3%
Thailand 126K Nakhon Ratchasima
3%
Uzbekistan 134K Navoiy
3%
Turkey 122K Nazilli
3%
Sri Lanka 142K Negombo
3%
Japan 164K Niiza
3%
China 295K Ningde
3%
Iran 264K Nishapur
3%
Japan 488K Nishinomiya
3%
Japan 168K Obihiro
3%
Japan 191K Odawara
3%
Indonesia 201K Palangka Raya
3%
India 230K Pali
3%
India 296K Panipat
3%
Malaysia 433K Petaling Jaya
3%
India 1.73M Pimpri Chinchwad
3%
India 201K Puri
3%
China 384K Qingzhou
3%
Pakistan 420K Rahimyar Khan
3%
Israel 159K Ramat Gan
3%
North Korea 158K Rason
3%
China 140K Sanmen
3%
Pakistan 660K Sargodha
3%
Iran 185K Semnān
3%
South Korea 191K Seogwipo
3%
Malaysia 291K Seremban
3%
Malaysia 314K Shah Alam
3%
China 931K Shangqiu
3%
China 726K Shaoguan
3%
China 275K Shimen
3%
China 724K Shiyan
3%
Indonesia 128K Singkawang
3%
Myanmar 101K Sittwe
3%
China 393K Suizhou
3%
China 783K Suqian
3%
Thailand 132K Surat Thani
3%
Japan 196K Suzuka
3%
Saudi Arabia 513K Tabouk
3%
Taiwan 105K Taitung
3%
Japan 169K Takaoka
3%
Turkey 159K Talas
3%
Indonesia 179K Tarakan
3%
Syria 116K Tartous
3%
Indonesia 578K Tasikmalaya
3%
China 783K Tengzhou
3%
India 223K Thanjavur
3%
China 613K Tianmen
3%
India 295K Tirupati
3%
Japan 157K Tochigi
3%
China 540K Tongliao
3%
Japan 374K Toyohashi
3%
Japan 166K Ube
3%
Japan 182K Uji
3%
Vietnam 282K Vũng Tàu
3%
South Korea 353K Wonju
3%
China 424K Wuwei
3%
China 331K Wuwei
3%
China 398K Xiangtan
3%
China 836K Xianyang
3%
China 237K Xinji
3%
China 841K Xuchang
3%
China 388K Yanzhou
3%
China 552K Yingkou
3%
Japan 311K Yokkaichi
3%
South Korea 1.08M Yongin
3%
Lebanon 140K Zahlè
3%
China 295K Zhangjiajie
3%
China 542K Zhoushan
3%
China 946K Zigong
3%
Japan 226K Ageo
2%
Iran 101K Ahar
2%
Japan 121K Aizuwakamatsu
2%
Turkey 125K Akhisar
2%
India 241K Alappuzha
2%
Saudi Arabia 235K Al-Kharj
2%
India 323K Alwar
2%
India 195K Ambala
2%
India 209K Anand
2%
India 267K Anantapur
2%
South Korea 162K Andong
2%
Japan 188K Anjō
2%
North Korea 168K Anju
2%
China 359K Anshun
2%
India 261K Arrah
2%
Qatar 590K Ar-Rayyān
2%
Japan 146K Ashikaga
2%
Japan 225K Atsugi
2%
Kazakhstan 272K Atyray
2%
China 186K Baise
2%
China 503K Baishan
2%
Iran 110K Bāneh
2%
Indonesia 192K Banjarbaru
2%
China 263K Baoshan
2%
Iraq 279K Baqubah
2%
Malaysia 124K Batu Pahat
2%
Israel 129K Bat Yam
2%
Indonesia 107K Bau-Bau
2%
China 292K Bazhou
2%
Singapore 279K Bedok
2%
India 490K Belgaum
2%
India 410K Bellary
2%
India 400K Bhagalpur
2%
India 169K Bharuch
2%
India 359K Bhilwara
2%
India 149K Bhuj
2%
India 147K Bid
2%
India 216K Bidar
2%
Indonesia 112K Bima
2%
Indonesia 235K Binjai
2%
China 408K Binzhou
2%
Nepal 205K Birāṭnagar
2%
Indonesia 155K Bitung
2%
Israel 199K Bnei Brak
2%
Bangladesh 413K Bogra
2%
Iran 229K Bojnūrd
2%
India 415K Bokaro Steel City
2%
Indonesia 140K Bontang
2%
Iran 235K Borūjerd
2%
India 357K Brahmapur
2%
Iran 194K Būkān
2%
Indonesia 111K Bukittinggi
2%
Philippines 203K Butuan
2%
Vietnam 130K Cà Mau
2%
China 648K Cangnan
2%
Iran 107K Chābahār
2%
Taiwan 232K Changhua
2%
China 304K Changji
2%
China 478K Chaoyang
2%
South Korea 673K Cheonan
2%
Japan 242K Chigasaki
2%
China 289K Chízhōu
2%
Japan 238K Chōfu
2%
North Korea 103K Chongju
2%
South Korea 286K Chuncheon
2%
Indonesia 541K Cimahi
2%
Philippines 342K Cotabato
2%
India 174K Cuddalore
2%
Japan 121K Daitō
2%
Turkmenistan 165K Dașoguz
2%
India 435K Davanagere
2%
Turkey 140K Derince
2%
India 290K Dewas
2%
China 521K Deyang
2%
Nepal 120K Dharan
2%
India 376K Dhule
2%
India 145K Dibrugarh
2%
India 123K Dimapur
2%
India 207K Dindigul
2%
Iraq 404K Diwaniyah
2%
Iraq 341K Dohuk
2%
China 774K Dongying
2%
Philippines 131K Dumaguete
2%
Indonesia 174K Dumai
2%
Japan 120K Ebetsu
2%
Turkey 117K Edremit
2%
Kazakhstan 143K Ekibastuz
2%
Turkey 103K Elbistan
2%
India 218K Eluru
2%
China 320K Enshi
2%
Turkey 119K Eregli
2%
Turkey 109K Eregli
2%
Japan 264K Fuchū
2%
Japan 143K Fujieda
2%
Japan 129K Fujinomiya
2%
China 682K Fuqing
2%
China 1.32M Fushan
2%
South Korea 216K Gangneung
2%
Bangladesh 1.82M Gazipur
2%
Turkey 106K Gemlik
2%
South Korea 561K Gimhae
2%
South Korea 458K Gimpo
2%
Iran 240K Golestān
2%
China 186K Golmud
2%
India 114K Gonda
2%
China 659K Guigang
2%
India 543K Gulbarga
2%
South Korea 425K Gumi
2%
South Korea 276K Gunsan
2%
South Korea 201K Guri
2%
South Korea 267K Gyeongju
2%
Japan 165K Hadano
2%
Saudi Arabia 272K Hafar al-Bațin
2%
China 425K Hai'an
2%
Japan 110K Hakusan
2%
South Korea 275K Hanam
2%
China 495K Hanzhong
2%
India 1.08M Haora
2%
India 155K Hassan
2%
Kuwait 957K Hawallī
2%
China 198K Hechi
2%
China 601K Hegang
2%
China 389K Hengshui
2%
China 451K Heyuan
2%
China 380K Hezhou
2%
Japan 195K Higashihiroshima
2%
Japan 114K Hikone
2%
Japan 401K Hirakata
2%
Japan 258K Hiratsuka
2%
India 307K Hisar
2%
Japan 179K Hitachi
2%
Japan 156K Hitachinaka
2%
China 580K Huaihua
2%
China 268K Huanggang
2%
China 288K Huangshan
2%
South Korea 856K Hwaseong
2%
North Korea 173K Hyesan
2%
Japan 271K Ichihara
2%
Japan 116K Ichinoseki
2%
Japan 104K Ikeda
2%
South Korea 293K Iksan
2%
Philippines 299K Iligan
2%
Japan 154K Imabari
2%
Japan 136K Inazawa
2%
Japan 135K Isahaya
2%
Japan 211K Isesaki
2%
Japan 143K Ishinomaki
2%
Japan 198K Itami
2%
Japan 132K Iwakuni
2%
Japan 167K Iwata
2%
Iran 119K Īzeh
2%
Japan 100K Izumisano
2%
Pakistan 191K Jacobabad
2%
India 460K Jalgaon
2%
India 180K Jaunpur
2%
Pakistan 414K Jhang
2%
Pakistan 190K Jhelum
2%
China 1.41M Jinjiang
2%
South Korea 353K Jinju
2%
Iran 130K Jīroft
2%
China 256K Jiuquan
2%
China 270K Jizhou
2%
China 165K Jizhou
2%
Uzbekistan 163K Jizzakh
2%
India 319K Junagadh
2%
China 299K Jurong
2%
India 345K Kadapa
2%
Malaysia 206K Kajang
2%
Japan 115K Kakegawa
2%
India 384K Kakinada
2%
Japan 264K Kakogawa
2%
Japan 102K Kanoya
2%
China 232K Karamay
2%
Japan 119K Karatsu
2%
India 290K Karimnagar
2%
Japan 152K Kariya
2%
India 302K Karnal
2%
Turkey 113K Kartepe
2%
Japan 122K Kashihara
2%
Japan 111K Kasuga
2%
Japan 230K Kasukabe
2%
India 241K Katihar
2%
China 310K Kaxgar
2%
Indonesia 269K Kediri
2%
India 196K Khammam
2%
Pakistan 227K Khanewal
2%
India 208K Kharagpur
2%
Saudi Arabia 220K Khobar
2%
Iran 373K Khoram Ābād
2%
Japan 125K Kirishima
2%
Japan 102K Kiryū
2%
Japan 191K Kishiwada
2%
Turkey 184K Kiziltepe
2%
Malaysia 134K Kluang
2%
Kazakhstan 149K Kokshetau
2%
Japan 149K Komaki
2%
Turkey 166K Körfez
2%
Japan 344K Koshigaya
2%
Japan 196K Kumagaya
2%
China 1.12M Kunshan
2%
India 458K Kurnool
2%
Japan 141K Kusatsu
2%
Japan 140K Kuwana
2%
Iran 101K Lāhījān
2%
Myanmar 174K Lashio
2%
India 383K Latur
2%
Pakistan 126K Layyah
2%
Indonesia 129K Lhokseumawe
2%
China 606K Liaocheng
2%
China 735K Liaoyang
2%
China 141K Liaoyang
2%
China 152K Lijiang
2%
Philippines 332K Lipa
2%
China 255K Lishu
2%
China 621K Liupanshui
2%
China 152K Longnan
2%
China 136K Longnan
2%
Vietnam 246K Long Xuyê
2%
China 542K Longyan
2%
India 516K Loni
2%
China 473K Loudi
2%
Philippines 305K Lucena
2%
Jordan 105K Madaba
2%
Indonesia 118K Magelang
2%
India 101K Malappuram
2%
Iran 170K Malāyer
2%
India 481K Malegaon
2%
Turkey 159K Manavgat
2%
Iran 175K Marāgheh
2%
Philippines 202K Marawi
2%
Pakistan 359K Mardan
2%
Japan 110K Marugame
2%
Japan 491K Matsudo
2%
Japan 161K Matsusaka
2%
Turkey 165K Menemen
2%
India 235K Mirzapur
2%
Japan 109K Mishima
2%
Japan 191K Mitaka
2%
Japan 162K Miyakonojō
2%
Myanmar 207K Monywa
2%
India 393K Muzaffarnagar
2%
India 354K Muzaffarpur
2%
Myanmar 115K Myeik
2%
Vietnam 130K Mỹ Tho
2%
Japan 116K Nagahama
2%
Iran 235K Najaf Ābād
2%
Thailand 102K Nakhon Si Thammarat
2%
South Korea 709K Namyangju
2%
China 902K Nan'an
2%
China 131K Nancheng
2%
India 211K Nandyal
2%
China 324K Nanping
2%
Bangladesh 1.64M Narayanganj
2%
Pakistan 280K Nawabshah
2%
Japan 232K Neyagawa
2%
Japan 117K Niihama
2%
Japan 170K Nishio
2%
India 311K Nizamabad
2%
Turkey 113K Nizip
2%
Japan 121K Nobeoka
2%
Japan 153K Noda
2%
Japan 191K Numazu
2%
Japan 159K Ōgaki
2%
Pakistan 358K Okara
2%
Japan 113K Ōmuta
2%
India 208K Ongole
2%
Japan 134K Onomichi
2%
Japan 130K Ōsaki
2%
Japan 115K Ōshū
2%
Japan 168K Oyama
2%
Philippines 130K Pagadian
2%
South Korea 466K Paju
2%
Indonesia 116K Palopo
2%
Indonesia 163K Pangkal Pinang
2%
China 858K Panjin
2%
China 656K Panzhihua
2%
China 176K Panzhou
2%
Indonesia 125K Parepare
2%
India 134K Patan
2%
India 156K Pathankot
2%
Myanmar 170K Pathein
2%
Indonesia 275K Pekalongan
2%
Taiwan 199K Pingtung
2%
China 716K Pingxiang
2%
Turkey 104K Polatli
2%
India 153K Porbandar
2%
China 875K Puning
2%
India 282K Purnia
2%
Myanmar 135K Pyay
2%
Uzbekistan 255K Qarshi
2%
China 646K Qujing
2%
Iran 162K Rafsanjān
2%
India 325K Rampur
2%
Israel 142K Rehovot
2%
India 236K Rewa
2%
India 374K Rohtak
2%
Philippines 167K Roxas
2%
Jordan 473K Russeifa
2%
China 458K Ruzhou
2%
Iran 244K Sabzevār
2%
India 275K Sagar
2%
Pakistan 390K Sahiwal
2%
Japan 106K Saijō
2%
Japan 102K Sakata
2%
Japan 172K Sakura
2%
Indonesia 170K Salatiga
2%
Iraq 222K Samawah
2%
China 362K Sanming
2%
Japan 117K Sano
2%
Philippines 266K San Pablo
2%
Philippines 210K Santa Cruz
2%
Iran 165K Saqqez
2%
North Korea 271K Sariwon
2%
India 120K Satara
2%
India 283K Satna
2%
Iran 221K Sāveh
2%
Japan 128K Seto
2%
Iran 190K Shahr-e Kord
2%
China 371K Shanwei
2%
China 613K Shaoyang
2%
China 393K Shaoyang
2%
North Korea 334K Sinuiju
2%
China 509K Siping
2%
Iran 200K Sīrjān
2%
Turkey 151K Siverek
2%
Japan 250K Sōka
2%
India 289K Sonipat
2%
Malaysia 447K Subang Jaya
2%
Japan 381K Suita
2%
Indonesia 299K Sukabumi
2%
South Korea 282K Suncheon
2%
Malaysia 175K Sungai Petani
2%
China 395K Taishan
2%
Japan 225K Takarazuka
2%
Japan 349K Takatsuki
2%
Japan 148K Tama
2%
Singapore 257K Tampines
2%
Indonesia 177K Tanjung Pinang
2%
Philippines 273K Tarlac
2%
Myanmar 265K Taunggyi
2%
Indonesia 240K Tegal
2%
Uzbekistan 136K Termiz
2%
India 238K Thoothukkudi
2%
China 544K Tianshui
2%
China 235K Tieli
2%
Japan 341K Tokorozawa
2%
Japan 171K Tomakomai
2%
China 177K Tonghua
2%
China 110K Tonghua
2%
Turkey 175K Torbali
2%
Japan 184K Toyokawa
2%
Japan 398K Toyonaka
2%
Japan 237K Tsukuba
2%
Japan 125K Tsuruoka
2%
Japan 101K Tsuyama
2%
Philippines 126K Tuguegarao
2%
Pakistan 214K Turbat
2%
Turkey 145K Turgutlu
2%
India 145K Udupi
2%
Japan 155K Ueda
2%
South Korea 457K Uijeongbu
2%
Saudi Arabia 153K Unaizah
2%
Japan 169K Urayasu
2%
Japan 121K Uruma
2%
Japan 121K Uruma
2%
Iran 226K Varāmīn
2%
Philippines 101K Vigan
2%
Turkey 113K Viranșehir
2%
India 106K Wardha
2%
China 347K Weinan
2%
Singapore 255K Woodlands
2%
China 503K Wuhai
2%
China 402K Xinyi
2%
China 344K Xinyi
2%
China 568K Xinyu
2%
Japan 137K Yaizu
2%
Japan 236K Yamato
2%
China 337K Yan'an
2%
China 693K Yangjiang
2%
China 506K Yanji
2%
Iran 135K Yāsūj
2%
Japan 125K Yatsushiro
2%
South Korea 287K Yeosu
2%
China 694K Yichun
2%
China 462K Yichun
2%
China 837K Yiyang
2%
China 235K Yiyang
2%
China 144K Yiyang
2%
China 155K Yizhou
2%
Japan 148K Yonago
2%
China 707K Yongzhou
2%
China 518K Yuncheng
2%
China 381K Yuncheng
2%
China 242K Yunfu
2%
China 281K Yushu
2%
Japan 129K Zama
2%
China 785K Zhaoqing
2%
China 462K Zhoukou
2%
China 260K Zhouzhou
2%
Japan 131K Abiko
1%
India 185K Adoni
1%
India 351K Ahmadnagar
1%
India 111K Akbarpur
1%
Japan 112K Akishima
1%
Iraq 171K Al-Kūfah
1%
Saudi Arabia 118K Al-Qațif
1%
Saudi Arabia 116K Al-Qurayyat
1%
India 466K Ambattur
1%
Malaysia 479K Ampang Jaya
1%
India 118K Amreli
1%
India 198K Amroha
1%
India 151K Anantnag
1%
Iran 135K Andīmeshk
1%
Singapore 164K Ang Mo Kio
1%
Uzbekistan 175K Angren
1%
China 222K Anji
1%
China 380K Ankang
1%
China 237K Anlu
1%
China 115K Anping
1%
South Korea 195K Anseong
1%
China 491K Anxi
1%
Syria 220K Ar-Rakka
1%
Japan 141K Asaka
1%
Pakistan 146K Attock
1%
India 346K Avadi
1%
India 111K Azamgarh
1%
Pakistan 112K Badin
1%
Pakistan 161K Bahawalnagar
1%
India 186K Bahraich
1%
China 362K Baiyin
1%
India 104K Ballia
1%
India 293K Bally, West Bengal
1%
India 113K Bally, West Bengal
1%
Iran 119K Bandar-e Anzalī
1%
Iran 163K Bandar-e Māhshahr
1%
India 118K Baran
1%
India 278K Barasat
1%
India 314K Barddhaman
1%
India 153K Barrackpore
1%
India 115K Basti
1%
India 286K Bathinda
1%
China 355K Bayannur
1%
India 252K Begusarai
1%
Iran 123K Behbahān
1%
Israel 119K Beit Shemesh
1%
India 195K Berhampore
1%
India 132K Bettiah
1%
India 103K Betul
1%
India 386K Bhatpara
1%
India 628K Bhilai Nagar
1%
India 147K Bhimavaram
1%
India 198K Bhind
1%
India 196K Bhiwani
1%
India 187K Bhusawal
1%
India 297K Bihar Sharif
1%
India 327K Bijapur
1%
China 421K Bijie
1%
India 366K Bilaspur
1%
China 436K Bishan
1%
Indonesia 132K Blitar
1%
Iran 111K Borāzjān
1%
China 258K Botou
1%
Singapore 154K Bukit Batok
1%
Singapore 152K Bukit Merah
1%
Malaysia 167K Bukit Mertajam
1%
Singapore 139K Bukit Panjang
1%
India 230K Bulandshahr
1%
India 105K Bundi
1%
Pakistan 232K Burewala
1%
India 211K Burhanpur
1%
Nepal 121K Butwal
1%
Philippines 289K Cabanatuan
1%
China 337K Cenxi
1%
Pakistan 123K Chaman
1%
Bangladesh 171K Chandpur
1%
India 320K Chandrapur
1%
China 256K Changle
1%
China 288K Changyi
1%
China 405K Chaohu
1%
India 202K Chapra
1%
India 142K Chas
1%
China 271K Chengmai
1%
India 142K Chhatarpur
1%
India 175K Chhindwara
1%
China 203K Chibi
1%
Japan 102K Chikusei
1%
Japan 102K Chikushino
1%
Pakistan 279K Chiniot
1%
Uzbekistan 149K Chirchiq
1%
India 146K Chitradurga
1%
India 161K Chittoor
1%
Singapore 191K Choa Chu Kang
1%
China 360K Chongming
1%
China 153K Chongyang
1%
China 296K Chongzhou
1%
China 114K Chongzuo
1%
South Korea 216K Chungju
1%
India 120K Churu
1%
China 171K Dacheng
1%
Pakistan 171K Dadu
1%
Philippines 105K Daet
1%
Philippines 492K Dagupan
1%
Philippines 144K Danao
1%
China 501K Danyang
1%
India 296K Darbhanga
1%
Pakistan 175K Daska
1%
India 100K Datia
1%
China 135K Dayu
1%
Sri Lanka 184K Dehiwala-Mount Lavinia
1%
China 568K Dengzhou
1%
Turkey 623K Denizle
1%
India 203K Deoghar
1%
Pakistan 399K Dera Gazi Khan
1%
Pakistan 217K Dera Ismail Khan
1%
India 122K Dharmavaram
1%
Philippines 135K Digos
1%
Bangladesh 191K Dinajpur
1%
China 158K Dingxi
1%
China 244K Dong'an
1%
China 201K Dongfang
1%
China 148K Dongguang
1%
China 133K Dongshan
1%
China 490K Dongtai
1%
China 456K Dongyang
1%
Taiwan 109K Douliu
1%
Syria 111K Douma
1%
India 115K Dum Dum
1%
China 112K Dunhuang
1%
Japan 133K Ebina
1%
India 206K English Bazar
1%
China 244K Enping
1%
India 257K Etawah
1%
India 165K Faizabad
1%
China 333K Fangcheng
1%
China 279K Fangchenggang
1%
Bangladesh 122K Faridpur
1%
Kuwait 893K Farwaniya
1%
Iran 111K Fasā
1%
India 193K Fatehpur
1%
Bangladesh 157K Feni
1%
India 110K Firozpur
1%
China 370K Fu'an
1%
China 326K Fuding
1%
Japan 109K Fujimi
1%
Japan 112K Fujimino
1%
Japan 142K Fukaya
1%
China 803K Fuling
1%
China 268K Funan
1%
China 171K Fuping
1%
China 165K Fuyu
1%
China 109K Fuyu
1%
China 249K Fuyuan
1%
India 248K Gandhidham
1%
India 238K Ganganagar
1%
China 467K Gaomi
1%
China 352K Gaozhou
1%
South Korea 257K Geoje
1%
Singapore 110K Geylang
1%
South Korea 144K Gimcheon
1%
Iran 152K Gonbad-e Qabus
1%
India 112K Gondal
1%
South Korea 109K Gongju
1%
India 102K Greater Noida
1%
China 399K Guang'an
1%
China 314K Guanghan
1%
China 534K Guangyuan
1%
China 508K Guiping
1%
China 210K Guixi
1%
China 208K Gulin
1%
China 369K Gulja
1%
South Korea 283K Gunpo
1%
India 126K Guntakal
1%
China 215K Guyuan
1%
South Korea 158K Gwangyang
1%
Japan 110K Habikino
1%
India 147K Habra
1%
North Korea 242K Haeju
1%
Pakistan 246K Hafizabad
1%
China 454K Haimen
1%
China 204K Haiyan
1%
India 201K Haldia
1%
India 201K Haldwani
1%
India 151K Hanumangarh
1%
India 263K Hapur
1%
India 143K Hathras
1%
Japan 115K Hatsukaichi
1%
India 142K Hazaribag
1%
China 555K Hebi
1%
China 969K Hechuan
1%
China 243K Hejian
1%
Japan 116K Higashikurume
1%
Japan 150K Higashimurayama
1%
Japan 113K Higashiōmi
1%
India 152K Hindupur
1%
Japan 189K Hino
1%
India 118K Hoshangabad
1%
India 169K Hoshiarpur
1%
India 206K Hospet
1%
Singapore 226K Hougang
1%
China 169K Houma
1%
China 692K Huangshi
1%
China 320K Huazhou
1%
China 107K Huazhou
1%
China 601K Hui'an
1%
China 173K Huinan
1%
India 287K Ichalkaranji
1%
Japan 128K Iizuka
1%
Japan 117K Ikoma
1%
Japan 147K Iruma
1%
Japan 102K Isehara
1%
India 125K Jagdalpur
1%
Iran 142K Jahrom
1%
India 286K Jalna
1%
India 107K Jalpaiguri
1%
Bangladesh 150K Jamalpur
1%
India 105K Jamalpur
1%
South Korea 136K Jecheon
1%
South Korea 113K Jeongeup
1%
Bangladesh 253K Jessore
1%
China 949K Jiangjin
1%
China 377K Jiangyan
1%
China 356K Jianli
1%
China 235K Jianou
1%
China 404K Jiaozhou
1%
China 119K Jiayu
1%
China 216K Jiayuguan
1%
China 195K Jinchang
1%
China 501K Jincheng
1%
India 168K Jind
1%
China 430K Jingdezhen
1%
China 206K Jinghong
1%
China 426K Jingmen
1%
India 127K Jorhat
1%
China 127K Julu
1%
Singapore 265K Jurong West
1%
Pakistan 118K Kabal
1%
Japan 121K Kadoma
1%
Sri Lanka 252K Kaduwela
1%
North Korea 262K Kaechon
1%
China 371K Kaiping
1%
India 145K Kaithal
1%
China 567K Kaizhou
1%
Japan 144K Kakamigahara
1%
Iraq 145K Kalār
1%
Myanmar 131K Kale
1%
Singapore 102K Kallang
1%
India 1.25M Kalyan-Dombivli
1%
Japan 109K Kamagaya
1%
India 107K Karaikkudi
1%
Turkey 190K Karaköprü
1%
Iran 102K Kāshmar
1%
Japan 307K Kasugai
1%
Pakistan 358K Kasur
1%
Japan 103K Kawachinagano
1%
Japan 154K Kawanishi
1%
Japan 111K Kazo
1%
Israel 101K Kfar Saba
1%
Pakistan 183K Khairpur
1%
India 201K Khandwa
1%
India 128K Khanna
1%
Pakistan 185K Khanpur
1%
India 116K Khargone
1%
Iran 133K Khoramshahr
1%
Pakistan 119K Khushab
1%
Pakistan 183K Khuzdar
1%
North Korea 155K Kimchaek
1%
Japan 135K Kisarazu
1%
India 106K Kishanganj
1%
Japan 195K Kodaira
1%
Japan 140K Koga
1%
Pakistan 229K Kohat
1%
Japan 126K Kokubunji
1%
India 138K Kolar
1%
Japan 118K Kōnosu
1%
India 365K Korba
1%
China 425K Korla
1%
Pakistan 259K Kotri
1%
India 153K Krishnanagar
1%
Japan 152K Kuki
1%
Malaysia 117K Kulim
1%
Tajikistan 106K Kulob
1%
India 314K Kulti
1%
India 140K Kumbakonam
1%
China 311K Kumul
1%
China 185K Kuqa
1%
North Korea 155K Kusong
1%
China 316K Laibin
1%
China 669K Laiwu
1%
China 347K Laixi
1%
China 380K Laizhou
1%
Indonesia 124K Langsa
1%
China 208K Lanxi
1%
China 210K Liangshan
1%
China 162K Lianzhou
1%
China 385K Liaoyuan
1%
China 615K Liling
1%
China 142K Lincang
1%
China 152K Lingshui
1%
China 503K Linhai
1%
China 119K Linxi
1%
China 294K Lishui
1%
China 206K Lishui
1%
China 873K Liuyang
1%
China 368K Liyang
1%
China 572K Longhai
1%
Indonesia 159K Lubuklinggau
1%
China 580K Lufeng
1%
China 149K Lufeng
1%
China 279K Luliang
1%
China 225K Luliang
1%
China 790K Luohe
1%
China 304K Lushan
1%
China 102K Lushan
1%
India 170K Machilipatnam
1%
Indonesia 171K Madiun
1%
India 448K Maheshtala
1%
Iran 281K Malārd
1%
India 142K Mandsaur
1%
India 137K Mandya
1%
India 224K Mango
1%
Pakistan 128K Mansehra
1%
Iran 131K Marand
1%
Iran 137K Marīvān
1%
Iran 149K Marvdasht
1%
Japan 119K Matsubara
1%
China 467K Meishan
1%
Iran 134K Miandoab
1%
Pakistan 119K Mianwali
1%
China 999K Mianyiang
1%
Japan 136K Minōh
1%
India 809K Mira-Bhayandar
1%
Pakistan 234K Mirpur Khas
1%
India 105K Miryalaguda
1%
Japan 140K Misato
1%
India 163K Moga
1%
Indonesia 120K Mojokerto
1%
Sri Lanka 168K Moratuwa
1%
India 200K Morena
1%
Japan 142K Moriguchi
1%
India 126K Motihari
1%
Japan 148K Musashino
1%
Pakistan 210K Muzaffargarh
1%
Myanmar 243K Myitkyina
1%
India 225K Nadiad
1%
India 122K Nagaon
1%
India 103K Nagapattinam
1%
Japan 189K Nagareyama
1%
India 105K Nagaur
1%
South Korea 117K Naju
1%
Vietnam 194K Nam Định
1%
China 185K Nanxi
1%
Bangladesh 151K Naogaon
1%
India 117K Narasaraopet
1%
Japan 173K Narashino
1%
Japan 116K Nasushiobara
1%
India 171K Navsari
1%
Iran 120K Nazar'ābād
1%
China 234K Nehe
1%
China 701K Neijiang
1%
Japan 203K Nishitōkyō
1%
India 249K North Dumdum
1%
Pakistan 120K Nowshera
1%
Philippines 310K Olongapo
1%
Japan 135K Ōme
1%
Japan 101K Ōnojō
1%
India 191K Orai
1%
South Korea 236K Osan
1%
India 112K Osmanabad
1%
India 300K Ozhukarai
1%
Bangladesh 190K Pabna
1%
Indonesia 119K Padang Sidempuan
1%
Thailand 190K Pak Kret
1%
India 131K Palakkad
1%
India 141K Palanpur
1%
India 132K Palwal
1%
India 211K Panchkula
1%
India 180K Panvel
1%
India 307K Parbhani
1%
Singapore 148K Pasir Ris
1%
Indonesia 186K Pasuruan
1%
Indonesia 235K Pematangsiantar
1%
India 128K Pilibhit
1%
China 428K Pingdu
1%
China 248K Pingliang
1%
China 632K Pizhou
1%
Vietnam 162K Pleiku
1%
South Korea 162K Pocheon
1%
Indonesia 121K Prabumulih
1%
India 118K Pudukkottai
1%
China 320K Pulandian
1%
Afghanistan 121K Puli Khumri
1%
Singapore 171K Punggol
1%
Myanmar 159K Pyin Oo Lwin
1%
North Korea 237K Pyongsong
1%
Iran 205K Qā'em Shahr
1%
Syria 184K Qamislo
1%
Iran 231K Qarchak
1%
China 479K Qidong
1%
China 406K Qidong
1%
China 256K Qionghai
1%
China 504K Qitaihe
1%
China 205K Qixia
1%
Iran 310K Qods
1%
Iran 102K Qūchān
1%
China 303K Qufu
1%
Vietnam 255K Qui Nhon
1%
India 234K Raichur
1%
India 184K Raiganj
1%
India 376K Rajahmundry
1%
India 163K Rajnandgaon
1%
India 265K Ratlam
1%
India 320K Raurkela, Odisha
1%
India 216K Raurkela, Odisha
1%
China 363K Rongcheng
1%
India 118K Roorkee
1%
India 155K Rudrapur
1%
China 615K Rugao
1%
China 927K Rui'an
1%
India 157K Saharsa
1%
Bangladesh 130K Saidpur
1%
Japan 102K Sakado
1%
Turkey 107K Salihli
1%
India 189K Sambalpur
1%
Philippines 139K San Carlos
1%
China 478K Sanmenxia
1%
Japan 150K Sayama
1%
India 218K Secunderabad
1%
India 109K Sehore
1%
Malaysia 175K Selayang Baru
1%
Singapore 245K Sengkang
1%
India 102K Seoni
1%
South Korea 179K Seosan
1%
Singapore 116K Serangoon
1%
China 219K Shahe
1%
Iran 173K Shāhīn Shahr
1%
India 330K Shahjahanpur
1%
Iran 135K Shahreza
1%
Iran 310K Shahrīār
1%
Uzbekistan 100K Shahrisabz
1%
Iran 150K Shāhrūd
1%
China 136K Shanyin
1%
Pakistan 473K Sheikhupura
1%
China 346K Shengzhou
1%
China 314K Shihezi
1%
China 553K Shishi
1%
India 180K Shivpuri
1%
China 481K Shuangyashan
1%
Japan 141K Shūnan
1%
China 462K Shuozhou
1%
Iran 102K Shūshtar
1%
China 731K Shuyang
1%
South Korea 508K Siheung
1%
India 245K Sikar
1%
India 179K Silchar
1%
India 220K Singrauli
1%
North Korea 131K Sinpo
1%
India 183K Sirsa
1%
India 177K Sitapur
1%
India 135K Siwan
1%
Vietnam 136K Sóc Trăng
1%
China 465K Songyuan
1%
India 403K South Dumdum
1%
India 138K Srikakulam
1%
China 364K Suihua
1%
China 748K Suining
1%
China 426K Suining
1%
China 142K Suining
1%
India 108K Sultanpur
1%
North Korea 251K Sunchon
1%
Iraq 122K Sūrān / Diyānā
1%
India 107K Suryapet
1%
Japan 180K Tachikawa
1%
Philippines 140K Tagbilaran
1%
Philippines 214K Tagum
1%
Malaysia 199K Taipang
1%
China 553K Taixing
1%
Japan 108K Tajimi
1%
Kazakhstan 146K Taldykorgan
1%
Iraq 173K Tall'afar
1%
Philippines 366K Tanauan
1%
North Korea 241K Tanchon
1%
Pakistan 153K Tando Adam
1%
Bangladesh 167K Tangail
1%
China 215K Tangyin
1%
Indonesia 154K Tanjungbalai
1%
Myanmar 109K Taungoo
1%
Indonesia 145K Tebing Tinggi
1%
Vietnam 200K Thái Nguyên
1%
Vietnam 148K Thanh Hóa
1%
China 325K Tianchang
1%
China 397K Tieling
1%
India 116K Tinsukia
1%
India 145K Tiruvannamalai
1%
Singapore 121K Toa Payoh
1%
Japan 141K Toda
1%
Japan 113K Tōkai
1%
Japan 111K Tondabayashi
1%
China 464K Tongchuan
1%
China 526K Tongling
1%
China 206K Tongren
1%
South Korea 135K Tongyeong
1%
India 165K Tonk
1%
Iran 100K Torbat-e Jām
1%
Japan 105K Toride
1%
Taiwan 104K Toufen
1%
Japan 139K Tsuchiura
1%
China 109K Tumen
1%
India 302K Tumkur
1%
Vietnam 123K Tuy Hòa
1%
Iraq 103K Tūz Khūrmātū
1%
China 320K Ulanqab
1%
India 506K Ulhasnagar
1%
Pakistan 134K Umerkot
1%
India 178K Unnao
1%
Japan 114K Urasoe
1%
Japan 114K Urasoe
1%
China 132K Usu
1%
India 164K Vapi
1%
Pakistan 145K Vehari
1%
India 156K Vidisha
1%
Vietnam 103K Vĩnh Long
1%
India 229K Vizianagaram
1%
China 287K Wanning
1%
China 244K Weishan
1%
China 297K Wenchang
1%
China 749K Wenling
1%
China 229K Wenshan
1%
China 218K Wenxi
1%
China 293K Wu'an
1%
China 260K Wuchang
1%
China 123K Wuji
1%
China 185K Wushan
1%
China 299K Wuzhi
1%
China 332K Wuzhong
1%
China 200K Xiangfen
1%
China 373K Xiangxiang
1%
China 341K Xianning
1%
China 553K Xiantao
1%
China 141K Xianxian
1%
China 582K Xiaogan
1%
China 458K Xichang
1%
China 214K Xilinhot
1%
China 372K Xingyang
1%
China 159K Xinjiang
1%
China 177K Xinjin
1%
China 486K Xinmi
1%
China 173K Xinmin
1%
China 672K Xintai
1%
China 215K Xixia
1%
China 301K Xixian
1%
China 315K Xuancheng
1%
Japan 197K Yachiyo
1%
India 217K Yamunanagar
1%
South Korea 230K Yangju
1%
China 671K Yangquan
1%
South Korea 357K Yangsan
1%
Syria 137K Yarmouk
1%
India 117K Yavatmal
1%
South Korea 115K Yeoju
1%
China 109K Yi'an
1%
China 360K Yichuan
1%
China 146K Yilan
1%
China 192K Yingtan
1%
Singapore 220K Yishun
1%
China 250K Yong'an
1%
Taiwan 125K Yuanlin
1%
China 152K Yunan
1%
China 284K Yutian
1%
China 307K Yuxi
1%
Iraq 212K Zākhū
1%
China 762K Zhangjiagang
1%
China 217K Zhangye
1%
Taiwan 195K Zhubei
1%
China 703K Zhumadian
1%
Iraq 301K Zubayr
1%
China 275K Aberdeen
0%
India 145K Abohar
0%
Iraq 207K Abū al-Kahsīb
0%
India 112K Achalpur
0%
China 337K Acheng
0%
Qatar 100K Adh-Dhakhīrah
0%
India 117K Adilabad
0%
India 174K Adityapur
0%
Pakistan 133K Ahmadpur East
0%
India 164K Alandur
0%
Saudi Arabia 148K Al-Hawiyah
0%
Iraq 101K Al-Iskandrīah
0%
Jordan 106K Al-Mafraq
0%
Iraq 101K Al-Mahmūdiyah
0%
Iraq 126K Al-Qurnah
0%
Jordan 297K Al Quwaysima
0%
Iraq 111K Al-Wahdah
0%
Qatar 165K Al-Wukaīr
0%
China 129K Alxa
0%
India 105K Ambala Sadar
0%
India 253K Ambarnath
0%
India 121K Ambikapur
0%
India 115K Ambur
0%
Iran 116K Andīsheh
0%
China 127K Anfu
0%
China 136K Anguo
0%
China 321K Anhua
0%
China 242K Annung
0%
China 300K Anqiu
0%
China 184K Anren
0%
China 125K Antu
0%
China 238K Anxiang
0%
China 167K Anxin
0%
China 108K Anyuan
0%
China 393K Anyue
0%
China 119K Aohan
0%
Pakistan 111K Arifwala
0%
India 122K Ashokenagar Kalyangarh
0%
Qatar 139K Ash-Shaḥāniyah
0%
Iraq 128K Ash-Shamāl
0%
Iraq 182K Ash-Shatrah
0%
Syria 136K As-Saddiyah Zaynab
0%
Saudi Arabia 238K Ath-Thuqbah
0%
India 174K Badlapur
0%
China 109K Badong
0%
India 113K Bagaha
0%
India 112K Bagalkot
0%
India 171K Bahadurgarh
0%
Pakistan 762K Bahawalpur
0%
India 121K Baidyabati
0%
China 101K Baiquan
0%
China 359K Baixheng
0%
Philippines 141K Balanga
0%
India 144K Baleshwar
0%
India 153K Balurghat
0%
Thailand 101K Bang Mueang
0%
Thailand 120K Bang Pu
0%
India 137K Bankura
0%
India 104K Bansberia
0%
India 101K Banswara
0%
China 218K Baofeng
0%
China 126K Baojing
0%
China 149K Baoqing
0%
China 334K Baoying
0%
India 245K Baranagar
0%
India 104K Baraut
0%
India 117K Baripada
0%
India 116K Barnala
0%
India 119K Barshi
0%
India 125K Basirhat
0%
India 159K Batala
0%
Oman 188K Bawshar
0%
China 328K Bayuquan
0%
China 608K Bazhong
0%
Vietnam 110K Bạc Liêu
0%
India 151K Beawar
0%
China 248K Bei'an
0%
China 653K Beiliu
0%
China 169K Beipiao
0%
China 127K Beizhen
0%
Uzbekistan 101K Bekobod
0%
India 121K Bhadrak
0%
India 151K Bhadravati
0%
India 101K Bhadreswar
0%
Bangladesh 119K Bhairab
0%
Pakistan 113K Bhakkar
0%
India 197K Bhalswa Jahangir Pur
0%
Pakistan 100K Bhalwal
0%
India 105K Bhiwadi
0%
India 710K Bhiwandi Nizampur
0%
India 216K Bidhannagar
0%
China 106K Binchuan
0%
China 415K Binhai
0%
China 146K Binxian
0%
China 265K Binyang
0%
Nepal 121K Birgani
0%
China 281K Biyang
0%
China 207K Boai
0%
China 367K Bobai
0%
Tajikistan 111K Bochtar
0%
China 120K Boli
0%
China 472K Bolou
0%
India 109K Bongaon
0%
China 120K Bortala
0%
South Korea 104K Boryeong
0%
India 130K Botad
0%
China 242K Boxing
0%
Bangladesh 194K Brahmanbaria
0%
India 159K Budaun
0%
China 107K Bunzhou
0%
Vietnam 212K Buôn Ma Thuộ
0%
India 146K Burari
0%
India 103K Buxar
0%
China 216K Cangwu
0%
China 211K Cangxi
0%
China 108K Cangxian
0%
China 109K Caofeidian
0%
Pakistan 138K Chakwal
0%
China 290K Chaling
0%
India 111K Champdani
0%
India 167K Chandannagar
0%
India 114K Chandausi
0%
China 188K Changfeng
0%
China 389K Changge
0%
China 127K Changjiang
0%
China 151K Changli
0%
China 199K Changling
0%
China 393K Changning
0%
China 152K Changning
0%
China 565K Changshou
0%
China 127K Changtai
0%
China 211K Changting
0%
China 179K Changtu
0%
China 314K Changxing
0%
China 373K Changyuan
0%
Thailand 143K Chaophraya Surasak
0%
Bangladesh 181K Chapai Nawabganj
0%
Pakistan 115K Charsadda
0%
Bangladesh 133K Chaumohoni
0%
China 138K Cheng'an
0%
China 108K Chengbu
0%
China 131K Chengcheng
0%
China 161K Chenggu
0%
China 207K Chengwu
0%
China 187K Chenxi
0%
India 118K Chikmagalur
0%
India 101K Chilakaluripet
0%
China 192K Chiping
0%
Pakistan 150K Chishtian
0%
India 116K Chittaurgarh
0%
China 112K Chongren
0%
Bangladesh 129K Chuadanga
0%
China 111K Chun'an
0%
China 332K Chuxiong
0%
China 290K Cili
0%
China 254K Cixian
0%
Vietnam 168K Cẩm Phả
0%
China 432K Coaxian
0%
India 119K Dabgram
0%
China 161K Dabu
0%
China 456K Dachuan
0%
China 188K Dafang
0%
China 347K Dafeng
0%
Pakistan 104K Daharki
0%
China 123K Daishan
0%
China 103K Daixian
0%
China 204K Dalate
0%
India 155K Dallo Pura
0%
Vietnam 185K Đà Lạt
0%
China 219K Daming
0%
India 140K Damoh
0%
China 382K Dancheng
0%
South Korea 173K Dangjin
0%
China 287K Dangshan
0%
China 282K Dangtu
0%
China 184K Dangyang
0%
China 190K Danjiamgkou
0%
China 300K Daoxian
0%
China 330K Dashiqiao
0%
China 167K Datian
0%
China 222K Dawu
0%
China 450K Daye
0%
China 236K Dayi
0%
China 186K Daying
0%
China 370K Dazhu
0%
China 464K Dazu
0%
India 111K Deesa
0%
India 137K Dehri
0%
China 223K Dehua
0%
China 188K Dehui
0%
India 110K Delhi Cantonment
0%
China 411K Dengfeng
0%
China 163K Dengta
0%
Uzbekistan 104K Denov
0%
India 169K Deoli
0%
India 129K Deoria
0%
China 246K Deqing
0%
China 149K Dexing
0%
India 102K Dhamtari
0%
Nepal 104K Dhanghadi
0%
India 133K Dhaulpur
0%
China 325K Dianjiang
0%
China 196K Diaobingshan
0%
India 182K Dinapur Nizamat
0%
China 134K Ding'an
0%
China 122K Dingbian
0%
China 482K Dingshou
0%
China 166K Dingtao
0%
China 121K Dingxing
0%
China 214K Dingyuan
0%
India 119K Dohad
0%
China 114K Dongchuan
0%
China 114K Dong'e
0%
China 129K Dongfeng
0%
China 291K Donggang
0%
China 399K Donghai
0%
China 367K Dongkou
0%
China 236K Dongming
0%
China 112K Dongning
0%
China 246K Dongping
0%
China 169K Dongxiang
0%
China 205K Dongzhi
0%
Iran 122K Dorud
0%
China 155K Duchang
0%
China 407K Dujiangyan
0%
China 217K Duyun
0%
China 144K Ejin Horo
0%
China 260K Emeishan
0%
India 119K Etah
0%
China 110K Ewenki
0%
China 113K Fanchang
0%
China 119K Fangxian
0%
China 245K Fanling-Sheung Shui
0%
China 130K Fanshi
0%
China 157K Fanxian
0%
Iran 181K Fardīs
0%
India 277K Farrukhabad
0%
China 473K Feicheng
0%
China 303K Feidong
0%
China 297K Feixi
0%
China 389K Feixian
0%
China 380K Fengcheng
0%
China 247K Fengcheng
0%
China 272K Fengdu
0%
China 397K Fengfeng
0%
China 240K Fenghua
0%
China 138K Fenghuang
0%
China 323K Fengjie
0%
China 117K Fengkai
0%
China 267K Fengqiu
0%
China 207K Fengshun
0%
China 204K Fengtai
0%
China 391K Fengxian
0%
China 154K Fengxiang
0%
China 124K Fengxin
0%
China 180K Fengyang
0%
China 124K Fengzhen
0%
China 213K Fenyang
0%
China 133K Fenyi
0%
Kuwait 265K Firdous
0%
Pakistan 141K Firozwala
0%
China 118K Fogang
0%
China 236K Fugou
0%
China 149K Fugu
0%
China 220K Fula'erji
0%
China 178K Fuliang
0%
China 378K Funing
0%
China 121K Funing
0%
Kuwait 516K Funtas
0%
China 125K Fuquan
0%
China 219K Fusong
0%
China 135K Fusui
0%
India 173K Gadag-Betigeri
0%
China 218K Gaizhou
0%
India 119K Gangapur City
0%
India 115K Gangawati
0%
China 414K Ganyu
0%
China 296K Gao'an
0%
China 275K Gaobeidian
0%
China 286K Gaocheng
0%
China 204K Gaochun
0%
China 193K Gaoling
0%
China 267K Gaoping
0%
China 120K Gaoqing
0%
China 178K Gaotang
0%
China 165K Gaoxian
0%
China 100K Gaoyang
0%
China 341K Gaoyou
0%
Philippines 337K Gapan
0%
China 164K Gejiu
0%
Pakistan 111K Ghotki
0%
India 115K Giridih
0%
India 144K Godhra
0%
Pakistan 175K Gojra
0%
India 122K Gokal Pur
0%
India 133K Gondiya
0%
China 293K Gong'an
0%
China 189K Gongxian
0%
China 338K Gongzhuling
0%
China 486K Gonyi
0%
Philippines 257K Guagua
0%
China 471K Guahi
0%
China 325K Guangde
0%
China 392K Guangfeng
0%
China 114K Guangnan
0%
China 156K Guangning
0%
China 187K Guangrao
0%
China 246K Guangshan
0%
China 272K Guangshui
0%
China 243K Guannan
0%
China 115K Guantao
0%
China 183K Guanxian
0%
China 320K Guanyun
0%
China 198K Gucheng
0%
China 159K Gucheng
0%
India 118K Gudivada
0%
China 104K Guidong
0%
China 159K Gujiao
0%
Pakistan 137K Gujranwala Cantonment
0%
China 160K Gutian
0%
China 134K Guzhen
0%
South Korea 322K Gwangmyeong
0%
South Korea 275K Gyeongsan
0%
China 687K Haicheng
0%
China 489K Haifeng
0%
China 217K Hailin
0%
China 188K Hailun
0%
China 398K Hainang
0%
China 245K Haiyang
0%
China 112K Haiyuan
0%
India 148K Hajipur
0%
India 125K Halisahar
0%
China 297K Hancheng
0%
China 469K Hanchuan
0%
China 126K Hanshan
0%
China 346K Hanshou
0%
China 121K Hanyuan
0%
India 197K Hardoi
0%
India 231K Hardwar
0%
Pakistan 108K Haroonabad
0%
Pakistan 116K Hasilpur
0%
India 177K Hastsal
0%
China 195K Heishan
0%
China 278K Hejiang
0%
China 237K Hejin
0%
China 189K Hekou
0%
China 146K Helan
0%
China 112K Helong
0%
China 250K Hengdong
0%
China 101K Hengfeng
0%
China 375K Hengnan
0%
China 150K Hengshan
0%
China 114K Hengshan
0%
China 232K Hengxian
0%
China 103K Heping
0%
China 265K Hepu
0%
China 283K Heshan
0%
Syria 188K Hesîçe
0%
China 232K Hexian
0%
China 111K Heyang
0%
China 109K Hezhang
0%
Vietnam 170K Hải Dương
0%
India 105K Hindaun
0%
India 102K Hinganghat
0%
Vietnam 202K Hạ Long
0%
China 101K Holingol
0%
China 187K Hong'an
0%
China 341K Hongdong
0%
China 279K Honghu
0%
China 240K Hongjiang
0%
China 130K Hongya
0%
China 146K Hongze
0%
China 148K Horqin
0%
China 107K Horqin
0%
China 194K Huadian
0%
China 237K Huaibin
0%
China 162K Huaiji
0%
China 137K Huailai
0%
China 322K Huaining
0%
China 204K Huairen
0%
China 389K Huaiyang
0%
China 251K Huaiyuan
0%
China 349K Huangchuan
0%
China 297K Huanghua
0%
China 284K Huangmei
0%
China 1.24M Huanian
0%
China 112K Huanren
0%
China 263K Huantai
0%
China 364K Huarong
0%
China 354K Huaxian
0%
China 128K Huayin
0%
China 137K Huaying
0%
China 129K Huayuan
0%
India 180K Hugli-Chinsurah
0%
China 106K Huguan
0%
China 186K Huichang
0%
North Korea 136K Huichon
0%
China 473K Huidong
0%
China 148K Huidong
0%
China 435K Huilai
0%
China 191K Huili
0%
China 216K Huimin
0%
China 104K Huining
0%
China 133K Huitong
0%
China 365K Huixian
0%
China 234K Huize
0%
China 193K Hulin
0%
China 174K Hunchun
0%
China 150K Hunyuan
0%
China 191K Huojia
0%
China 296K Huoqiu
0%
China 187K Huoshan
0%
China 194K Huozhou
0%
Bangladesh 102K Ishwardi
0%
Palestine 243K Jabālyah
0%
India 125K Jagadhri
0%
India 104K Jagtial
0%
India 149K Jamuria
0%
Syria 114K Jaramana
0%
Pakistan 150K Jaranwala
0%
Pakistan 109K Jatoi
0%
India 103K Jehanabad
0%
India 118K Jetpur Navagadh
0%
Bangladesh 111K Jhenaidah
0%
India 118K Jhunjhunu
0%
China 142K Jiagedaqi
0%
China 169K Jiahe
0%
China 138K Jiajing
0%
China 184K Jiande
0%
China 190K Jiang'an
0%
China 183K Jiange
0%
China 203K Jianghua
0%
China 200K Jiangshan
0%
China 164K Jiangxian
0%
China 452K Jiangyou
0%
China 355K Jianhu
0%
China 161K Jianping
0%
China 104K Jianshi
0%
China 193K Jianshui
0%
China 457K Jianyang
0%
China 192K Jianyang
0%
China 130K Jiaocheng
0%
China 202K Jiaohe
0%
China 289K Jiashan
0%
China 245K Jiaxian
0%
China 176K Jiaxiang
0%
China 107K Jidong
0%
China 215K Jieshou
0%
China 247K Jiexi
0%
China 283K Jiexiu
0%
China 114K Jikian
0%
China 191K Jingbian
0%
China 388K Jingjiang
0%
China 183K Jingxian
0%
China 112K Jingxian
0%
China 116K Jingyan
0%
China 139K Jingyang
0%
China 114K Jingyuan
0%
China 158K Jinhzhai
0%
China 168K Jinsha
0%
China 266K Jinshan
0%
China 177K Jinshi
0%
China 275K Jintan
0%
China 295K Jintang
0%
China 183K Jinxian
0%
China 212K Jinxiang
0%
China 154K Jishan
0%
China 265K Jishou
0%
China 199K Jishui
0%
China 199K Jiutai
0%
China 457K Jiyuan
0%
China 224K Juancheng
0%
Jordan 197K Jubeiha
0%
China 320K Junan
0%
China 211K Jungar
0%
China 130K Junlian
0%
China 250K Juxian
0%
China 321K Juye
0%
China 177K Kaijiang
0%
China 275K Kaili
0%
China 112K Kailu
0%
China 112K Kaiyang
0%
China 242K Kaiyuan
0%
China 211K Kaiyuan
0%
China 107K Kalaqin Zuoyi
0%
Bangladesh 163K Kaliakair
0%
India 134K Kalol
0%
India 101K Kalyani
0%
Pakistan 136K Kamalia
0%
Iran 142K Kamāl Shahr
0%
India 330K Kamarhati
0%
Pakistan 101K Kambar Ali Khan
0%
Pakistan 250K Kamoki
0%
India 164K Kancheepuram
0%
India 130K Kanchrapara
0%
Pakistan 101K Kandhkot
0%
North Korea 252K Kanggye
0%
India 126K Kanhangad
0%
India 109K Kanpur Cantonment
0%
India 224K Karawal Nagar
0%
India 101K Kasganj
0%
India 122K Kashipur
0%
Sri Lanka 185K Kesbewa
0%
Turkey 538K Kharamanmaraş
0%
India 108K Khardah
0%
Jordan 251K Khilda
0%
Iran 247K Khomenyī Shahr
0%
Jordan 186K Khraibet Essooq
0%
India 121K Khurja
0%
India 283K Kirari Suleman Nagar
0%
India 155K Kishangarh
0%
Bangladesh 104K Kishoreganj
0%
Japan 125K Koganei
0%
Pakistan 143K Kot Abdul Malik
0%
Pakistan 130K Kot Addu
0%
Malaysia 256K Kuala Terengganu
0%
China 161K Kuandian
0%
India 124K Kurichi
0%
Bangladesh 108K Kushtia
0%
China 146K Kuytun
0%
China 145K Lai'an
0%
China 358K Laiyang
0%
India 152K Lakhimpur
0%
China 104K Langxi
0%
China 320K Langzhong
0%
China 270K Lankao
0%
China 364K Lanling
0%
China 171K Lanshan
0%
China 119K Lantian
0%
China 213K Laohekou
0%
China 155K Laoting
0%
China 191K Lechang
0%
China 182K Ledong
0%
China 572K Leiyang
0%
China 214K Leling
0%
China 269K Lengshuijiang
0%
China 286K Leping
0%
China 189K Lezhi
0%
China 120K Liancheng
0%
China 303K Liangping
0%
China 359K Lianjiang
0%
China 279K Lianjiang
0%
China 111K Lianping
0%
China 337K Lianshui
0%
China 413K Lianyuan
0%
China 172K Liaozhong
0%
China 196K Lichuan
0%
China 203K Lingao
0%
Philippines 164K Lingayen
0%
China 342K Lingbao
0%
China 246K Lingbi
0%
China 170K Lingcheng
0%
China 124K Lingchuan
0%
China 103K Lingchuan
0%
China 135K Linghai
0%
China 248K Lingshan
0%
China 153K Lingshi
0%
China 167K Lingwu
0%
China 200K Lingyuan
0%
China 133K Linjiang
0%
China 121K Linkou
0%
China 210K Linli
0%
China 343K Linqing
0%
China 247K Linqu
0%
China 307K Linquan
0%
China 276K Linshu
0%
China 264K Linshui
0%
China 121K Lintao
0%
China 169K Linwu
0%
China 221K Linxia
0%
China 219K Linxian
0%
China 274K Linxiang
0%
China 352K Linying
0%
China 194K Linzhang
0%
China 135K Lipu
0%
China 121K Liucheng
0%
China 114K Liuhe
0%
China 149K Liulin
0%
China 373K Lixian
0%
China 164K Lixian
0%
China 292K Lixin
0%
Pakistan 118K Lodhran
0%
China 347K Longchang
0%
China 190K Longchuan
0%
China 438K Longhui
0%
China 133K Longjiang
0%
China 122K Longjing
0%
China 389K Longkou
0%
China 117K Longquan
0%
China 206K Longshan
0%
China 162K Longxi
0%
China 173K Longyao
0%
China 130K Longyou
0%
China 176K Luanchuan
0%
China 198K Luannan
0%
China 208K Luanzhou
0%
China 252K Luchuan
0%
China 151K Luhe
0%
China 388K Lujiang
0%
China 137K Luobei
0%
China 263K Luoding
0%
China 112K Luonan
0%
China 155K Luoning
0%
China 194K Luoping
0%
China 227K Luoshan
0%
China 169K Luotian
0%
China 101K Luoyuan
0%
China 146K Lushi
0%
China 128K Luxi
0%
China 120K Luxi
0%
China 108K Luxi
0%
China 346K Luxian
0%
China 383K Luyi
0%
China 177K Luzhai
0%
China 303K Macheng
0%
India 180K Madanapalle
0%
India 119K Madavaram
0%
India 196K Madhyamgram
0%
Sri Lanka 196K Maharagama
0%
India 190K Mahbubnagar
0%
Nepal 109K Mahendranagar
0%
India 191K Mahesana
0%
India 137K Mainpuri
0%
India 135K Malerkotla
0%
China 100K Manas
0%
China 140K Mancheng
0%
Pakistan 199K Mandi Bahauddin
0%
India 120K Mandoli
0%
Kuwait 337K Mangaf
0%
India 107K Mangalagiri
0%
China 248K Manjur
0%
Uzbekistan 215K Marg'ilon
0%
Philippines 101K Mariveles
0%
Iran 100K Masjed-e Soleymān
0%
Oman 150K Mațrah
0%
India 279K Maunath Bhanjan
0%
Myanmar 254K Mawlamyine
0%
China 138K Mayang
0%
India 169K Medinipur
0%
China 268K Meihekou
0%
Myanmar 112K Meiktila
0%
China 105K Meitan
0%
China 273K Mengcheng
0%
China 216K Mengjin
0%
China 185K Mengyin
0%
China 191K Mengzhou
0%
China 213K Mengzi
0%
China 170K Mianchi
0%
China 145K Mianning
0%
China 155K Mianxian
0%
China 227K Mianzhu
0%
China 213K Mile
0%
China 413K Miluo
0%
Pakistan 331K Mingawara
0%
Azerbaijan 102K Mingechevir
0%
China 204K Mingguang
0%
China 413K Minhou
0%
China 266K Minquan
0%
Pakistan 101K Mirpur Mathelo
0%
South Korea 108K Miryang
0%
China 177K Mishan
0%
India 130K Modinagar
0%
Iran 119K Mohamadshahr
0%
India 210K Morvi
0%
Kuwait 250K Mubarak al Kabeer
0%
India 110K Mughalsarai
0%
India 117K Muktsar
0%
China 113K Muling
0%
India 213K Munger
0%
Pakistan 167K Muridke
0%
India 127K Mustafabad
0%
Myanmar 113K Myawaddy
0%
India 126K Nabadwip
0%
India 100K Nagda
0%
India 218K Naihati
0%
China 110K Naiman
0%
India 154K Nalgonda
0%
China 404K Nanbu
0%
China 360K Nanchuan
0%
India 550K Nanded Waghala
0%
India 111K Nandurbar
0%
India 206K Nangloi Jat
0%
China 188K Nangong
0%
China 105K Nanhe
0%
China 214K Nanjiang
0%
China 157K Nanle
0%
China 142K Nanling
0%
China 365K Nanxian
0%
China 140K Nanxiong
0%
China 180K Nanzhang
0%
Pakistan 103K Narowal
0%
Bangladesh 146K Narsingdi
0%
Iran 200K Nasīm Shahr
0%
India 195K Navi Mumbai Panvel Raigarh
0%
China 167K Nayong
0%
India 129K Neemuch
0%
China 215K Neihuang
0%
China 236K Neixiang
0%
China 251K Nenjiang
0%
India 106K Neyveli
0%
China 128K Ning'an
0%
China 118K Ningcheng
0%
China 201K Ningdu
0%
China 231K Ningguo
0%
China 363K Ninghai
0%
China 152K Ninghe
0%
China 131K Ninghua
0%
China 258K Ningjin
0%
China 142K Ningjin
0%
China 183K Ningling
0%
China 103K Ningqiang
0%
China 799K Ningxiang
0%
China 252K Ningyang
0%
China 327K Ningyuan
0%
Bangladesh 131K Noakhlai
0%
China 179K Nong'an
0%
South Korea 123K Nonsan
0%
India 133K North Barrackpore
0%
Uzbekistan 121K Olmaliq
0%
China 124K Ongniud
0%
China 151K Oroqen
0%
China 119K Otog
0%
Philippines 130K Ozamis
0%
Iran 236K Pākdasht
0%
Pakistan 177K Pakpattan
0%
India 234K Pallavaram
0%
India 377K Panihati
0%
China 228K Panshi
0%
China 496K Peixian
0%
China 233K Peng'an
0%
China 186K Penglai
0%
China 171K Pengshan
0%
China 180K Pengshui
0%
China 189K Pengxi
0%
China 151K Pengze
0%
China 347K Pengzhou
0%
Vietnam 153K Phan Rang–Tháp Chàm
0%
Vietnam 190K Phan Thiết
0%
China 283K Pingchang
0%
China 164K Pingguo
0%
China 245K Pinghe
0%
China 347K Pinghu
0%
China 451K Pingjiang
0%
China 154K Pingluo
0%
China 489K Pingnan
0%
China 136K Pingquan
0%
China 132K Pingshan
0%
China 231K Pingtan
0%
China 375K Pingyan
0%
China 246K Pingyao
0%
China 323K Pingyi
0%
China 154K Pingyin
0%
China 298K Pingyu
0%
China 166K Pingyuan
0%
China 106K Pingyuan
0%
India 126K Pithampur
0%
China 366K Poyang
0%
Indonesia 197K Probilinggo
0%
India 164K Proddatur
0%
China 166K Pubei
0%
China 191K Pucheng
0%
China 144K Pucheng
0%
China 246K Pujiang
0%
China 109K Pujiang
0%
India 121K Puruliya
0%
South Korea 537K Pyeongtaek
0%
China 309K Qian'an
0%
China 112K Qian'an
0%
China 172K Qianguo
0%
China 438K Qianjiang
0%
China 245K Qianjiang
0%
China 166K Qianshan
0%
China 166K Qianwei
0%
China 215K Qianxi
0%
China 160K Qianxi
0%
China 168K Qianxian
0%
China 234K Qichun
0%
China 290K Qihe
0%
China 688K Qijiang
0%
China 115K Qing'an
0%
China 199K Qingfeng
0%
China 127K Qinggang
0%
China 169K Qinghe
0%
China 115K Qinglong
0%
China 145K Qingtian
0%
China 150K Qingtongxia
0%
China 177K Qingxian
0%
China 125K Qingxu
0%
China 167K Qingzheng
0%
China 273K Qinyang
0%
China 182K Qinyang
0%
China 296K Qionglai
0%
China 162K Qishan
0%
China 344K Qixian
0%
China 117K Qixian
0%
China 159K Qixiang
0%
China 422K Qiyang
0%
China 174K Quanjiao
0%
China 174K Queshan
0%
Uzbekistan 234K Qu'qon
0%
China 107K Quwo
0%
China 427K Quxian
0%
China 124K Quyang
0%
India 191K Rae Bareli
0%
India 150K Raigarh
0%
India 130K Rajapalayam
0%
India 403K Rajarhat Gopalpur
0%
India 424K Rajpur Sonarpur
0%
India 243K Ramagundam
0%
Jordan 169K Ramtha
0%
India 106K Ranibennur
0%
India 129K Raniganj
0%
China 419K Raoping
0%
Vietnam 211K Rạch Giá
0%
China 171K Renhuai
0%
China 431K Renqiu
0%
China 437K Renshou
0%
China 106K Renxiang
0%
India 143K Rewari
0%
India 125K Rishra
0%
Iran 105K Robāț Karīm
0%
India 162K Robertson Pet
0%
China 405K Rongchang
0%
China 104K Rongshui
0%
China 218K Rongxian
0%
China 185K Rongxian
0%
China 150K Rucheng
0%
Kazakhstan 129K Rudniy
0%
China 479K Rudong
0%
China 150K Ruichang
0%
China 212K Ruicheng
0%
China 216K Ruijin
0%
China 257K Runan
0%
China 260K Rushan
0%
China 159K Ruyang
0%
South Korea 115K Sacheon
0%
Pakistan 240K Sadiqabad
0%
Jordan 169K Sahab
0%
India 221K Sambhal
0%
Pakistan 109K Sambrial
0%
Pakistan 157K Samundri
0%
South Korea 102K Sangju
0%
India 503K Sangli Miraj Kupwad
0%
China 171K Sangzhi
0%
China 378K Sanhe
0%
China 396K Santai
0%
India 152K Santipur
0%
China 191K Sanyuan
0%
India 147K Sasaram
0%
India 167K S.A.S. Nagar
0%
Bangladesh 113K Satkhira
0%
India 121K Sawai Madhopur
0%
India 182K Serampore
0%
Pakistan 119K Shahdadkot
0%
India 107K Shamli
0%
China 378K Shangcai
0%
China 213K Shangcheng
0%
China 149K Shangdang
0%
China 132K Shanggao
0%
China 184K Shanghang
0%
China 122K Shanghe
0%
China 189K Shangli
0%
China 157K Shangluo
0%
China 328K Shangshui
0%
China 270K Shangzhi
0%
China 376K Shanxian
0%
China 1.73M Shanxing
0%
China 509K Shaodong
0%
China 192K Shaowu
0%
China 630K Sha Tin
0%
Iraq 133K Shatt al-'Arab
0%
China 137K Shawan
0%
China 153K Shaxian
0%
China 176K Shayang
0%
China 447K Shehong
0%
China 283K Shenmu
0%
China 376K Shenqiu
0%
China 279K Shenxian
0%
China 260K Sheqi
0%
China 177K Shexian
0%
China 118K Shexian
0%
China 425K Sheyang
0%
China 214K Shifang
0%
Pakistan 195K Shikarpur
0%
India 107K Shikohabad
0%
India 323K Shimoga
0%
China 214K Shishou
0%
China 166K Shizhu
0%
China 107K Shizong
0%
China 450K Shizuishan
0%
China 476K Shouguang
0%
China 353K Shouzian
0%
China 245K Shuangcheng
0%
China 311K Shuangfeng
0%
China 181K Shuangliao
0%
China 299K Shucheng
0%
China 255K Shulan
0%
China 377K Sihong
0%
China 356K Sihui
0%
China 115K Sinan
0%
Bangladesh 167K Siraiganj
0%
China 164K Sishui
0%
China 148K Sixian
0%
China 388K Siyang
0%
China 107K Songming
0%
China 190K Songxian
0%
China 272K Songzi
0%
Bangladesh 126K Sripur
0%
China 144K Suichuan
0%
China 128K Suifenhe
0%
China 121K Suileng
0%
China 188K Suiping
0%
China 265K Suixi
0%
China 253K Suixi
0%
China 257K Suixian
0%
China 162K Suixian
0%
China 104K Suiyang
0%
China 170K Suizhong
0%
India 102K Sujangarh
0%
India 182K Sultan Pur Majra
0%
Malaysia 112K Sungai Ara
0%
China 293K Sunhua
0%
China 126K Suning
0%
Iraq 132K Sūq ash-Shuyūkh
0%
India 178K Surendranagar Dudhrej
0%
China 170K Susong
0%
Pakistan 123K Swabi
0%
Jordan 151K Sweileh
0%
Philippines 102K Tabaco
0%
India 104K Tadepalligudem
0%
India 108K Tadpatri
0%
China 435K Taicang
0%
China 157K Taigu
0%
China 464K Taihe
0%
China 184K Taihe
0%
China 118K Taihu
0%
China 397K Taikang
0%
China 274K Tai Po
0%
China 113K Taiqian
0%
Philippines 118K Talavera
0%
India 175K Tambaram
0%
Philippines 161K Tanay
0%
Pakistan 157K Tando Allahyar
0%
Pakistan 102K Tando Muhammed Khan
0%
China 358K Tangcheng
0%
China 123K Tangxian
0%
China 115K Tangyuan
0%
China 387K Taojiang
0%
China 165K Taonan
0%
Bangladesh 151K Tarabo
0%
Pakistan 122K Taxila
0%
Kazakhstan 186K Temirtaý
0%
India 165K Tenali
0%
China 135K Tengchong
0%
China 202K Tengxian
0%
Vietnam 107K Thái Bình
0%
India 155K Thanesar
0%
Vietnam 187K Thủ Dầu Mộ
0%
China 194K Tiantai
0%
China 269K Tin Shui Wai
0%
India 249K Tiruvottiyur
0%
India 117K Titagarh
0%
North Korea 211K Tokchon
0%
China 188K Tongbai
0%
China 269K Tongcheng
0%
China 124K Tongcheng
0%
China 136K Tonghai
0%
China 102K Tonghe
0%
China 239K Tongjiang
0%
China 411K Tongliang
0%
China 229K Tonglu
0%
China 389K Tongnan
0%
China 112K Tongshan
0%
China 400K Tongxiang
0%
China 128K Tongxin
0%
China 199K Tongxu
0%
China 132K Tongyu
0%
China 148K Tongzi
0%
Iran 140K Torbat-e Heydarīeh
0%
China 345K Tseung Kwan
0%
China 802K Tsuen Wan
0%
China 471K Tuen Mun
0%
China 108K Tumed
0%
China 123K Tunchang
0%
China 117K Tunliu
0%
India 104K Udgir
0%
South Korea 162K Uiwang
0%
China 902K Ulanhad
0%
China 276K Ulanhot
0%
India 235K Uluberia
0%
China 106K Urad
0%
Philippines 133K Urdaneta
0%
India 159K Uttarpara Kotrung
0%
India 140K Valsad
0%
India 1.22M Vasai-Virar City
0%
India 171K Veraval
0%
Jordan 242K Wadi Essier
0%
China 414K Wafangdian
0%
Pakistan 380K Wah Cantonment
0%
China 168K Wangcang
0%
China 174K Wangjiang
0%
China 112K Wangkui
0%
China 156K Wangqing
0%
China 142K Wannian
0%
China 156K Wanrong
0%
China 169K Wanyuan
0%
China 131K Wanzai
0%
Pakistan 128K Wazirabad
0%
China 107K Weichang
0%
China 223K Weihui
0%
China 239K Weining
0%
China 326K Weishi
0%
China 123K Weixan
0%
China 303K Weixian
0%
China 286K Weiyuan
0%
China 217K Wen'an
0%
China 311K Wendeng
0%
China 123K Weng'an
0%
China 103K Wengyuan
0%
China 206K Wenshang
0%
China 179K Wenshui
0%
China 211K Wenxian
0%
China 320K Woyang
0%
China 177K Wucheng
0%
China 333K Wuchuan
0%
China 148K Wudalianchi
0%
China 181K Wudi
0%
China 354K Wugang
0%
China 188K Wugang
0%
China 194K Wuhe
0%
China 246K Wuhua
0%
China 166K Wulian
0%
China 154K Wulong
0%
China 186K Wuming
0%
China 139K Wuning
0%
China 136K Wuping
0%
China 218K Wusheng
0%
China 126K Wutai
0%
China 113K Wuxuan
0%
China 271K Wuxue
0%
China 257K Wuyang
0%
China 216K Wuyi
0%
China 139K Wuyishan
0%
China 134K Wuyuan
0%
China 119K Wuyuan
0%
China 204K Xiajin
0%
China 473K Xiangcheng
0%
China 292K Xiangcheng
0%
China 178K Xianghe
0%
China 276K Xiangshan
0%
China 225K Xiangshui
0%
China 142K Xiangyuan
0%
China 154K Xiangyun
0%
China 178K Xianju
0%
China 422K Xianyou
0%
China 183K Xiaochang
0%
China 338K Xiaoyi
0%
China 226K Xiapu
0%
China 132K Xiaxian
0%
China 352K Xiayi
0%
China 211K Xichong
0%
China 271K Xichuan
0%
China 294K Xihua
0%
China 236K Xin'an
0%
China 303K Xincai
0%
China 200K Xinchang
0%
China 232K Xinfeng
0%
China 178K Xingcheng
0%
China 575K Xinghua
0%
China 169K Xinghuo
0%
China 392K Xingning
0%
China 248K Xingping
0%
China 113K Xingren
0%
China 145K Xingwen
0%
China 127K Xingxian
0%
China 167K Xingye
0%
China 335K Xingyi
0%
China 426K Xinhua
0%
China 194K Xinle
0%
China 319K Xinshao
0%
China 148K Xintian
0%
China 160K Xinxing
0%
China 262K Xinye
0%
China 602K Xinzheng
0%
China 139K Xiongxian
0%
China 267K Xiping
0%
China 236K Xishui
0%
China 135K Xishui
0%
China 203K Xiushan
0%
China 131K Xiuwu
0%
China 206K Xiuxhui
0%
China 157K Xiuyan
0%
Uzbekistan 105K Xo'jayli
0%
China 409K Xuanhan
0%
China 584K Xuanwei
0%
China 264K Xunxian
0%
China 139K Xunyang
0%
China 301K Xupu
0%
China 194K Xushui
0%
China 238K Xuwen
0%
China 289K Xuyi
0%
China 199K Xuyong
0%
China 338K Yakeshi
0%
China 192K Yangcheng
0%
China 287K Yangchun
0%
China 116K Yanggao
0%
China 239K Yanggu
0%
China 125K Yangshan
0%
China 103K Yangxian
0%
China 238K Yangxin
0%
China 131K Yangxin
0%
China 180K Yangzhong
0%
China 154K Yangzi
0%
China 173K Yanjin
0%
China 245K Yanling
0%
China 204K Yanqing
0%
China 227K Yanshan
0%
China 154K Yanshan
0%
China 148K Yanshan
0%
China 346K Yanshi
0%
China 174K Yanting
0%
China 113K Yanyuan
0%
China 134K Yarkant
0%
South Korea 106K Yeongcheon
0%
South Korea 106K Yeongju
0%
China 303K Yexian
0%
China 202K Yicheng
0%
China 134K Yicheng
0%
China 176K Yidu
0%
China 109K Yifeng
0%
China 177K Yiliang
0%
China 374K Yilong
0%
China 143K Yima
0%
China 364K Yinan
0%
China 302K Yingcheng
0%
China 347K Yingde
0%
China 303K Yingshan
0%
China 105K Yingshan
0%
China 360K Yingshang
0%
China 137K Yingxian
0%
China 154K Yinyun
0%
China 526K Yinzhong
0%
China 421K Yishui
0%
China 125K Yitong
0%
China 126K Yixian
0%
China 710K Yixing
0%
China 215K Yiyuan
0%
China 279K Yizhang
0%
China 272K Yizheng
0%
China 604K Yongcheng
0%
China 797K Yongchuan
0%
China 279K Yongchun
0%
China 138K Yongdeng
0%
China 177K Yongding
0%
China 138K Yongfeng
0%
China 250K Yongji
0%
China 138K Yongji
0%
China 442K Yongjia
0%
China 376K Yongkang
0%
China 292K Yongnian
0%
China 135K Yongning
0%
China 117K Yongqing
0%
China 187K Yongshun
0%
China 106K Yongtai
0%
China 182K Yongxin
0%
China 290K Yongxing
0%
China 179K Yongxiu
0%
China 168K Youxi
0%
China 398K Youxian
0%
China 182K Youyang
0%
China 370K Yuanjiang
0%
China 253K Yuanling
0%
China 277K Yuanping
0%
China 127K Yuanqu
0%
China 101K Yuanshi
0%
China 229K Yuanyang
0%
China 322K Yucheng
0%
China 203K Yucheng
0%
China 223K Yudu
0%
China 290K Yuechi
0%
China 142K Yuen Long
0%
China 726K Yueqing
0%
China 234K Yugan
0%
China 362K Yuhuan
0%
China 131K Yujiang
0%
China 219K Yunmeng
0%
China 130K Yunxi
0%
China 107K Yunxian
0%
China 223K Yunxiao
0%
China 408K Yunyang
0%
China 231K Yushan
0%
China 117K Yutai
0%
China 146K Yuxian
0%
China 142K Yuxian
0%
China 673K Yuyao
0%
China 140K Yuzhong
0%
Jordan 113K Zaatari Camp
0%
China 167K Zalantun
0%
China 131K Zaoqiang
0%
China 442K Zaoyang
0%
China 244K Zezhou
0%
China 123K Zhalaite
0%
China 103K Zhangbei
0%
China 1.10M Zhangjiajou
0%
China 136K Zhangping
0%
China 451K Zhangpu
0%
China 478K Zhangqiu
0%
China 189K Zhangshu
0%
China 131K Zhangzi
0%
China 147K Zhanhua
0%
China 290K Zhao'an
0%
China 359K Zhaodong
0%
China 124K Zhaoping
0%
China 256K Zhaotang
0%
China 176K Zhaoxian
0%
China 282K Zhaoyuan
0%
China 137K Zhaoyuan
0%
China 117K Zhaozhou
0%
China 259K Zhecheng
0%
China 208K Zhengding
0%
China 215K Zhengyang
0%
China 125K Zhenlai
0%
China 359K Zhenping
0%
China 209K Zhenxiong
0%
China 218K Zhijang
0%
China 137K Zhijiang
0%
China 102K Zhongfang
0%
China 426K Zhongjiang
0%
China 624K Zhongmuo
0%
China 202K Zhongnanhai
0%
China 158K Zhongning
0%
China 229K Zhongwei
0%
China 331K Zhongxian
0%
China 439K Zhongxiang
0%
China 128K Zhouzhi
0%
China 1.30M Zhozhou
0%
China 304K Zhuanghe
0%
China 589K Zhucheng
0%
China 607K Zhuji
0%
China 121K Zhushan
0%
China 970K Ziangtan
0%
China 247K Ziaoxian
0%
China 119K Zichang
0%
China 111K Zigui
0%
China 231K Zijin
0%
China 371K Zinzhou
0%
China 116K Zitong
0%
China 224K Zixing
0%
China 474K Ziyang
0%
China 465K Zizhong
0%
China 190K Zongyang
0%
China 513K Zoucheng
0%
China 389K Zouping
0%
China 300K Zunhua
0%
No matching quizzes found
Score Distribution
Percent of People with Each Score
Percentile by Number Answered
Your Score History
You have not taken this quiz since the last reset